Find the Mystery Flag by Colour Clues - Randomized! - Statistics

General Stats
  • This quiz has been taken 2,015 times
  • The average score is 30 of 196
Answers on the Map
Answers color-coded by a green-red scale on the quiz's map according to % correct below.
 
Answer Stats
code Country % Correct
Country France
100%
Country United States
100%
Country United States
95%
Country United States
91%
Country Australia
90%
Country Russia
90%
Country Brazil
89%
Country United States
88%
Country Australia
86%
Country Russia
86%
Country China
85%
Country United States
85%
Country United States
84%
Country China
82%
Country Russia
82%
Country United States
82%
Country United States
81%
Country Canada
80%
Country Chile
80%
Country Cuba
80%
Country New Zealand
80%
Country United States
80%
Country United States
79%
Country Australia
78%
Country China
78%
Country Russia
78%
Country United Kingdom
76%
Country United States
76%
Country United States
75%
Country Brazil
73%
Country France
73%
Country United Kingdom
73%
Country United States
73%
Country Russia
72%
Country United States
72%
Country Brazil
71%
Country Canada
71%
Country Indonesia
71%
Country Russia
71%
Country United Kingdom
71%
Country United States
71%
Country Burkina Faso
70%
Country China
70%
Country Colombia
70%
Country Fiji
70%
Country Greece
70%
Country Guatemala
70%
Country Haiti
70%
Country Iceland
70%
Country India
70%
Country Israel
70%
Country Liberia
70%
Country Luxembourg
70%
Country Malaysia
70%
Country Mauritius
70%
Country Mexico
70%
Country Nauru
70%
Country Netherlands
70%
Country Palau
70%
Country Poland
70%
Country Samoa
70%
Country South Africa
70%
Country Sweden
70%
Country Tonga
70%
Country United Arab Emirates
70%
Country United Kingdom
70%
Country United States
70%
Country Vanuatu
70%
Country Brazil
69%
Country China
69%
Country Russia
69%
Country United States
69%
Country Russia
68%
Country United States
68%
Country China
67%
Country Russia
67%
Country United States
67%
Country Netherlands
65%
Country Russia
65%
Country Brazil
64%
Country Canada
64%
Country China
64%
Country Russia
64%
Country United Kingdom
64%
Country United States
64%
Country Australia
63%
Country United Kingdom
63%
Country Russia
62%
Country United Kingdom
62%
Country United Kingdom
61%
Country Afghanistan
60%
Country Albania
60%
Country Algeria
60%
Country Andorra
60%
Country Angola
60%
Country Antigua and Barbuda
60%
Country Argentina
60%
Country Armenia
60%
Country Austria
60%
Country Azerbaijan
60%
Country Bahamas
60%
Country Bahrain
60%
Country Bangladesh
60%
Country Barbados
60%
Country Belarus
60%
Country Belgium
60%
Country Belize
60%
Country Benin
60%
Country Bhutan
60%
Country Bolivia
60%
Country Bosnia and Herzegovina
60%
Country Botswana
60%
Country Brazil
60%
Country Brunei
60%
Country Bulgaria
60%
Country Burundi
60%
Country Cambodia
60%
Country Cameroon
60%
Country Cape Verde
60%
Country Central African Republic
60%
Country Chad
60%
Country China
60%
Country Comoros
60%
Country Costa Rica
60%
Country Croatia
60%
Country Cyprus
60%
Country Czech Republic
60%
Country Democratic Republic of the Congo
60%
Country Denmark
60%
Country Djibouti
60%
Country Dominica
60%
Country Dominican Republic
60%
Country East Timor
60%
Country Ecuador
60%
Country Egypt
60%
Country El Salvador
60%
Country Equatorial Guinea
60%
Country Eritrea
60%
Country Estonia
60%
Country Eswatini
60%
Country Ethiopia
60%
Country Federated States of Micronesia
60%
Country Finland
60%
Country France
60%
Country Gabon
60%
Country Gambia
60%
Country Georgia
60%
Country Germany
60%
Country Ghana
60%
Country Grenada
60%
Country Guinea
60%
Country Guinea-Bissau
60%
Country Guyana
60%
Country Honduras
60%
Country Hungary
60%
Country Indonesia
60%
Country Iran
60%
Country Iraq
60%
Country Ireland
60%
Country Italy
60%
Country Ivory Coast
60%
Country Jamaica
60%
Country Japan
60%
Country Jordan
60%
Country Kazakhstan
60%
Country Kenya
60%
Country Kiribati
60%
Country Kosovo
60%
Country Kuwait
60%
Country Kyrgyzstan
60%
Country Laos
60%
Country Latvia
60%
Country Lebanon
60%
Country Lesotho
60%
Country Libya
60%
Country Liechtenstein
60%
Country Lithuania
60%
Country Madagascar
60%
Country Malawi
60%
Country Maldives
60%
Country Mali
60%
Country Malta
60%
Country Marshall Islands
60%
Country Mauritania
60%
Country Moldova
60%
Country Monaco
60%
Country Mongolia
60%
Country Montenegro
60%
Country Morocco
60%
Country Mozambique
60%
Country Myanmar
60%
Country Namibia
60%
Country Nepal
60%
Country Nicaragua
60%
Country Niger
60%
Country Nigeria
60%
Country North Korea
60%
Country North Macedonia
60%
Country Norway
60%
Country Oman
60%
Country Pakistan
60%
Country Panama
60%
Country Papua-New Guinea
60%
Country Paraguay
60%
Country Peru
60%
Country Philippines
60%
Country Portugal
60%
Country Qatar
60%
Country Republic of the Congo
60%
Country Romania
60%
Country Rwanda
60%
Country Saint Kitts and Nevis
60%
Country Saint Lucia
60%
Country Saint Vincent and the Grenadines
60%
Country San Marino
60%
Country Sao Tome and Principe
60%
Country Saudi Arabia
60%
Country Senegal
60%
Country Serbia
60%
Country Seychelles
60%
Country Sierra Leone
60%
Country Singapore
60%
Country Slovakia
60%
Country Slovenia
60%
Country Solomon Islands
60%
Country Somalia
60%
Country South Korea
60%
Country South Sudan
60%
Country Spain
60%
Country Sri Lanka
60%
Country Sudan
60%
Country Suriname
60%
Country Switzerland
60%
Country Syria
60%
Country Taiwan
60%
Country Tajikistan
60%
Country Tanzania
60%
Country Thailand
60%
Country Togo
60%
Country Trinidad and Tobago
60%
Country Tunisia
60%
Country Turkey
60%
Country Turkmenistan
60%
Country Tuvalu
60%
Country Uganda
60%
Country Ukraine
60%
Country United States
60%
Country Uruguay
60%
Country Uzbekistan
60%
Country Vatican City
60%
Country Venezuela
60%
Country Vietnam
60%
Country Yemen
60%
Country Zambia
60%
Country Zimbabwe
60%
Country Australia
59%
Country Brazil
59%
Country China
59%
Country Russia
59%
Country United States
59%
Country China
58%
Country France
58%
Country United States
58%
Country Benin
57%
Country Brazil
57%
Country Chad
57%
Country China
57%
Country Cuba
57%
Country Democratic Republic of the Congo
57%
Country Dominica
57%
Country Dominican Republic
57%
Country Egypt
57%
Country Ethiopia
57%
Country France
57%
Country Germany
57%
Country Ghana
57%
Country Guinea
57%
Country Haiti
57%
Country Iran
57%
Country Israel
57%
Country Japan
57%
Country Mexico
57%
Country Monaco
57%
Country Nauru
57%
Country Netherlands
57%
Country Palau
57%
Country Peru
57%
Country Poland
57%
Country Russia
57%
Country Samoa
57%
Country Saudi Arabia
57%
Country South Africa
57%
Country Ukraine
57%
Country United States
57%
Country Brazil
56%
Country China
56%
Country France
56%
Country Germany
56%
Country India
56%
Country Mexico
56%
Country Russia
56%
Country United States
56%
Country Brazil
55%
Country China
55%
Country France
55%
Country Iceland
55%
Country Russia
55%
Country South Africa
55%
Country United Kingdom
55%
Country United States
55%
Country Canada
54%
Country China
54%
Country Democratic Republic of the Congo
54%
Country Dominican Republic
54%
Country France
54%
Country Jamaica
54%
Country Spain
54%
Country Australia
53%
Country Brazil
53%
Country Canada
53%
Country China
53%
Country France
53%
Country India
53%
Country Romania
53%
Country Spain
53%
Country United States
53%
Country Brazil
52%
Country Canada
52%
Country Hungary
52%
Country Italy
52%
Country Russia
52%
Country United States
52%
Country Brazil
50%
Country China
50%
Country France
50%
Country Hungary
50%
Country Italy
50%
Country Mali
50%
Country Russia
50%
Country United Kingdom
50%
Country United States
50%
Country Australia
48%
Country Brazil
48%
Country China
48%
Country Democratic Republic of the Congo
48%
Country France
48%
Country Russia
48%
Country Argentina
47%
Country Australia
47%
Country Belgium
47%
Country Brazil
47%
Country Canada
47%
Country China
47%
Country France
47%
Country Germany
47%
Country India
47%
Country Italy
47%
Country Jamaica
47%
Country Malaysia
47%
Country New Zealand
47%
Country Russia
47%
Country South Africa
47%
Country Sweden
47%
Country Ukraine
47%
Country United Kingdom
47%
Country Australia
46%
Country Brazil
46%
Country Denmark
46%
Country Germany
46%
Country Kazakhstan
46%
Country Mexico
46%
Country Seychelles
46%
Country South Africa
46%
Country Sweden
46%
Country Vietnam
46%
Country Andorra
45%
Country Australia
45%
Country Brazil
45%
Country Canada
45%
Country Chad
45%
Country Egypt
45%
Country France
45%
Country India
45%
Country Italy
45%
Country Netherlands
45%
Country Russia
45%
Country United Kingdom
45%
Country Australia
44%
Country Brazil
44%
Country Canada
44%
Country China
44%
Country Democratic Republic of the Congo
44%
Country Egypt
44%
Country France
44%
Country India
44%
Country Jamaica
44%
Country Poland
44%
Country Republic of the Congo
44%
Country Russia
44%
Country South Africa
44%
Country Sweden
44%
Country United Kingdom
44%
Country Afghanistan
43%
Country Albania
43%
Country Algeria
43%
Country Andorra
43%
Country Angola
43%
Country Antigua and Barbuda
43%
Country Argentina
43%
Country Armenia
43%
Country Australia
43%
Country Austria
43%
Country Azerbaijan
43%
Country Bahamas
43%
Country Bahrain
43%
Country Bangladesh
43%
Country Barbados
43%
Country Belarus
43%
Country Belgium
43%
Country Belize
43%
Country Benin
43%
Country Bhutan
43%
Country Bolivia
43%
Country Bosnia and Herzegovina
43%
Country Botswana
43%
Country Brazil
43%
Country Brunei
43%
Country Bulgaria
43%
Country Burkina Faso
43%
Country Burundi
43%
Country Cambodia
43%
Country Cameroon
43%
Country Canada
43%
Country Cape Verde
43%
Country Central African Republic
43%
Country Chad
43%
Country Chile
43%
Country China
43%
Country Colombia
43%
Country Comoros
43%
Country Costa Rica
43%
Country Croatia
43%
Country Cyprus
43%
Country Czech Republic
43%
Country Democratic Republic of the Congo
43%
Country Denmark
43%
Country Djibouti
43%
Country East Timor
43%
Country Ecuador
43%
Country El Salvador
43%
Country Equatorial Guinea
43%
Country Eritrea
43%
Country Estonia
43%
Country Eswatini
43%
Country Ethiopia
43%
Country Federated States of Micronesia
43%
Country Fiji
43%
Country Finland
43%
Country France
43%
Country Gabon
43%
Country Gambia
43%
Country Georgia
43%
Country Greece
43%
Country Grenada
43%
Country Guatemala
43%
Country Guinea-Bissau
43%
Country Guyana
43%
Country Honduras
43%
Country Hungary
43%
Country Iceland
43%
Country India
43%
Country Iraq
43%
Country Ireland
43%
Country Italy
43%
Country Ivory Coast
43%
Country Jamaica
43%
Country Jordan
43%
Country Kazakhstan
43%
Country Kenya
43%
Country Kiribati
43%
Country Kosovo
43%
Country Kuwait
43%
Country Kyrgyzstan
43%
Country Laos
43%
Country Latvia
43%
Country Lebanon
43%
Country Lesotho
43%
Country Liberia
43%
Country Libya
43%
Country Liechtenstein
43%
Country Lithuania
43%
Country Luxembourg
43%
Country Madagascar
43%
Country Malawi
43%
Country Malaysia
43%
Country Maldives
43%
Country Mali
43%
Country Malta
43%
Country Marshall Islands
43%
Country Mauritania
43%
Country Mauritius
43%
Country Mexico
43%
Country Moldova
43%
Country Mongolia
43%
Country Montenegro
43%
Country Morocco
43%
Country Mozambique
43%
Country Myanmar
43%
Country Namibia
43%
Country Nepal
43%
Country Netherlands
43%
Country New Zealand
43%
Country Nicaragua
43%
Country Niger
43%
Country Nigeria
43%
Country North Korea
43%
Country North Macedonia
43%
Country Norway
43%
Country Oman
43%
Country Pakistan
43%
Country Panama
43%
Country Papua-New Guinea
43%
Country Paraguay
43%
Country Philippines
43%
Country Portugal
43%
Country Qatar
43%
Country Republic of the Congo
43%
Country Romania
43%
Country Russia
43%
Country Rwanda
43%
Country Saint Kitts and Nevis
43%
Country Saint Lucia
43%
Country Saint Vincent and the Grenadines
43%
Country San Marino
43%
Country Sao Tome and Principe
43%
Country Senegal
43%
Country Serbia
43%
Country Seychelles
43%
Country Sierra Leone
43%
Country Singapore
43%
Country Slovakia
43%
Country Slovenia
43%
Country Solomon Islands
43%
Country Somalia
43%
Country South Africa
43%
Country South Korea
43%
Country South Sudan
43%
Country Spain
43%
Country Sri Lanka
43%
Country Sudan
43%
Country Suriname
43%
Country Sweden
43%
Country Switzerland
43%
Country Syria
43%
Country Taiwan
43%
Country Tajikistan
43%
Country Tanzania
43%
Country Thailand
43%
Country Togo
43%
Country Tonga
43%
Country Trinidad and Tobago
43%
Country Tunisia
43%
Country Turkey
43%
Country Turkmenistan
43%
Country Tuvalu
43%
Country Uganda
43%
Country United Arab Emirates
43%
Country United Kingdom
43%
Country Uruguay
43%
Country Uzbekistan
43%
Country Vanuatu
43%
Country Vatican City
43%
Country Venezuela
43%
Country Vietnam
43%
Country Yemen
43%
Country Zambia
43%
Country Zimbabwe
43%
Country Brazil
42%
Country Chad
42%
Country India
42%
Country Ireland
42%
Country Italy
42%
Country Jamaica
42%
Country Mexico
42%
Country Russia
42%
Country South Africa
42%
Country Spain
42%
Country Brazil
41%
Country Chad
41%
Country China
41%
Country Democratic Republic of the Congo
41%
Country France
41%
Country Germany
41%
Country India
41%
Country Italy
41%
Country Romania
41%
Country Russia
41%
Country Spain
41%
Country Australia
40%
Country Barbados
40%
Country Bolivia
40%
Country Burkina Faso
40%
Country Cameroon
40%
Country Canada
40%
Country Chad
40%
Country Democratic Republic of the Congo
40%
Country Dominican Republic
40%
Country Egypt
40%
Country Guyana
40%
Country Haiti
40%
Country India
40%
Country Indonesia
40%
Country Ireland
40%
Country Ivory Coast
40%
Country Japan
40%
Country Laos
40%
Country Libya
40%
Country Lithuania
40%
Country Mali
40%
Country Mauritius
40%
Country Mexico
40%
Country Morocco
40%
Country Myanmar
40%
Country New Zealand
40%
Country Pakistan
40%
Country Philippines
40%
Country Portugal
40%
Country Russia
40%
Country Saudi Arabia
40%
Country South Africa
40%
Country Thailand
40%
Country Turkey
40%
Country United Kingdom
40%
Country Vietnam
40%
Country Canada
39%
Country China
39%
Country France
39%
Country India
39%
Country Japan
39%
Country Poland
39%
Country Argentina
38%
Country Australia
38%
Country Benin
38%
Country Bolivia
38%
Country Cameroon
38%
Country Canada
38%
Country Chad
38%
Country China
38%
Country Dominica
38%
Country Egypt
38%
Country France
38%
Country Germany
38%
Country Ghana
38%
Country Greece
38%
Country Guinea
38%
Country Guinea-Bissau
38%
Country Hungary
38%
Country India
38%
Country Indonesia
38%
Country Iran
38%
Country Ireland
38%
Country Israel
38%
Country Italy
38%
Country Lebanon
38%
Country Lithuania
38%
Country Mongolia
38%
Country New Zealand
38%
Country Norway
38%
Country Philippines
38%
Country Poland
38%
Country Republic of the Congo
38%
Country Romania
38%
Country Russia
38%
Country Senegal
38%
Country Sierra Leone
38%
Country South Africa
38%
Country United Kingdom
38%
Country Uzbekistan
38%
Country Australia
37%
Country Bolivia
37%
Country Brazil
37%
Country Chad
37%
Country Ethiopia
37%
Country Germany
37%
Country Guinea
37%
Country Ivory Coast
37%
Country Kenya
37%
Country Malawi
37%
Country Niger
37%
Country Pakistan
37%
Country Seychelles
37%
Country United Kingdom
37%
Country Vietnam
37%
Country Argentina
36%
Country Australia
36%
Country Bolivia
36%
Country Brazil
36%
Country Bulgaria
36%
Country Cameroon
36%
Country Canada
36%
Country Central African Republic
36%
Country Chile
36%
Country China
36%
Country France
36%
Country Germany
36%
Country Ghana
36%
Country Guinea
36%
Country Hungary
36%
Country India
36%
Country Iran
36%
Country Italy
36%
Country Japan
36%
Country Mali
36%
Country Mauritania
36%
Country Mexico
36%
Country Moldova
36%
Country Netherlands
36%
Country Niger
36%
Country Norway
36%
Country Panama
36%
Country Poland
36%
Country Romania
36%
Country Russia
36%
Country Saudi Arabia
36%
Country Senegal
36%
Country Seychelles
36%
Country Slovakia
36%
Country Slovenia
36%
Country South Africa
36%
Country Spain
36%
Country Sweden
36%
Country Switzerland
36%
Country Yemen
36%
Country Australia
35%
Country Benin
35%
Country Brazil
35%
Country Chad
35%
Country China
35%
Country Dominican Republic
35%
Country France
35%
Country Germany
35%
Country Guinea
35%
Country India
35%
Country Iran
35%
Country Iraq
35%
Country Italy
35%
Country Mali
35%
Country Mexico
35%
Country Netherlands
35%
Country Niger
35%
Country Norway
35%
Country Panama
35%
Country Republic of the Congo
35%
Country Russia
35%
Country South Africa
35%
Country Sudan
35%
Country United Kingdom
35%
Country Afghanistan
33%
Country Albania
33%
Country Algeria
33%
Country Andorra
33%
Country Angola
33%
Country Antigua and Barbuda
33%
Country Argentina
33%
Country Armenia
33%
Country Austria
33%
Country Azerbaijan
33%
Country Bahamas
33%
Country Bahrain
33%
Country Bangladesh
33%
Country Belarus
33%
Country Belgium
33%
Country Belize
33%
Country Benin
33%
Country Bhutan
33%
Country Bosnia and Herzegovina
33%
Country Botswana
33%
Country Brazil
33%
Country Brunei
33%
Country Bulgaria
33%
Country Burundi
33%
Country Cambodia
33%
Country Canada
33%
Country Cape Verde
33%
Country Central African Republic
33%
Country Chad
33%
Country Chile
33%
Country Colombia
33%
Country Comoros
33%
Country Costa Rica
33%
Country Croatia
33%
Country Cuba
33%
Country Cyprus
33%
Country Czech Republic
33%
Country Denmark
33%
Country Djibouti
33%
Country Dominica
33%
Country East Timor
33%
Country Ecuador
33%
Country El Salvador
33%
Country Equatorial Guinea
33%
Country Eritrea
33%
Country Estonia
33%
Country Eswatini
33%
Country Ethiopia
33%
Country Federated States of Micronesia
33%
Country Fiji
33%
Country Finland
33%
Country France
33%
Country Gabon
33%
Country Gambia
33%
Country Georgia
33%
Country Ghana
33%
Country Greece
33%
Country Grenada
33%
Country Guatemala
33%
Country Guinea
33%
Country Guinea-Bissau
33%
Country Honduras
33%
Country Hungary
33%
Country Iceland
33%
Country India
33%
Country Indonesia
33%
Country Iran
33%
Country Iraq
33%
Country Ireland
33%
Country Israel
33%
Country Italy
33%
Country Jamaica
33%
Country Japan
33%
Country Jordan
33%
Country Kazakhstan
33%
Country Kenya
33%
Country Kiribati
33%
Country Kosovo
33%
Country Kuwait
33%
Country Kyrgyzstan
33%
Country Latvia
33%
Country Lebanon
33%
Country Lesotho
33%
Country Liberia
33%
Country Liechtenstein
33%
Country Luxembourg
33%
Country Madagascar
33%
Country Malawi
33%
Country Malaysia
33%
Country Maldives
33%
Country Mali
33%
Country Malta
33%
Country Marshall Islands
33%
Country Mauritania
33%
Country Mexico
33%
Country Moldova
33%
Country Monaco
33%
Country Mongolia
33%
Country Montenegro
33%
Country Mozambique
33%
Country Namibia
33%
Country Nauru
33%
Country Nepal
33%
Country Netherlands
33%
Country New Zealand
33%
Country Nicaragua
33%
Country Niger
33%
Country Nigeria
33%
Country North Korea
33%
Country North Macedonia
33%
Country Norway
33%
Country Oman
33%
Country Palau
33%
Country Panama
33%
Country Papua-New Guinea
33%
Country Paraguay
33%
Country Peru
33%
Country Poland
33%
Country Qatar
33%
Country Republic of the Congo
33%
Country Romania
33%
Country Rwanda
33%
Country Saint Kitts and Nevis
33%
Country Saint Lucia
33%
Country Saint Vincent and the Grenadines
33%
Country Samoa
33%
Country San Marino
33%
Country Sao Tome and Principe
33%
Country Senegal
33%
Country Serbia
33%
Country Seychelles
33%
Country Sierra Leone
33%
Country Singapore
33%
Country Slovakia
33%
Country Slovenia
33%
Country Solomon Islands
33%
Country Somalia
33%
Country South Africa
33%
Country South Korea
33%
Country South Sudan
33%
Country Spain
33%
Country Sri Lanka
33%
Country Sudan
33%
Country Suriname
33%
Country Sweden
33%
Country Switzerland
33%
Country Syria
33%
Country Taiwan
33%
Country Tajikistan
33%
Country Tanzania
33%
Country Togo
33%
Country Tonga
33%
Country Trinidad and Tobago
33%
Country Tunisia
33%
Country Turkmenistan
33%
Country Tuvalu
33%
Country Uganda
33%
Country United Arab Emirates
33%
Country United Kingdom
33%
Country Uruguay
33%
Country Uzbekistan
33%
Country Vanuatu
33%
Country Vatican City
33%
Country Venezuela
33%
Country Yemen
33%
Country Zambia
33%
Country Zimbabwe
33%
Country Armenia
32%
Country Bangladesh
32%
Country Belgium
32%
Country Benin
32%
Country Bolivia
32%
Country Canada
32%
Country Chad
32%
Country Chile
32%
Country Colombia
32%
Country Democratic Republic of the Congo
32%
Country Ecuador
32%
Country Egypt
32%
Country Estonia
32%
Country Finland
32%
Country Ghana
32%
Country Grenada
32%
Country Guyana
32%
Country Iran
32%
Country Italy
32%
Country Japan
32%
Country Mauritania
32%
Country Moldova
32%
Country Morocco
32%
Country Nauru
32%
Country Netherlands
32%
Country Nigeria
32%
Country Republic of the Congo
32%
Country Romania
32%
Country Rwanda
32%
Country Saint Vincent and the Grenadines
32%
Country Saudi Arabia
32%
Country Seychelles
32%
Country South Africa
32%
Country South Sudan
32%
Country Spain
32%
Country Sudan
32%
Country Suriname
32%
Country Tanzania
32%
Country Thailand
32%
Country Togo
32%
Country Ukraine
32%
Country United Kingdom
32%
Country Vietnam
32%
Country Yemen
32%
Country Zimbabwe
32%
Country Afghanistan
31%
Country Albania
31%
Country Algeria
31%
Country Andorra
31%
Country Angola
31%
Country Antigua and Barbuda
31%
Country Argentina
31%
Country Armenia
31%
Country Australia
31%
Country Austria
31%
Country Azerbaijan
31%
Country Bahamas
31%
Country Bahrain
31%
Country Bangladesh
31%
Country Barbados
31%
Country Belarus
31%
Country Belgium
31%
Country Belize
31%
Country Bhutan
31%
Country Bosnia and Herzegovina
31%
Country Botswana
31%
Country Brunei
31%
Country Bulgaria
31%
Country Burkina Faso
31%
Country Burundi
31%
Country Cambodia
31%
Country Canada
31%
Country Cape Verde
31%
Country Central African Republic
31%
Country Chile
31%
Country Colombia
31%
Country Comoros
31%
Country Costa Rica
31%
Country Croatia
31%
Country Cuba
31%
Country Cyprus
31%
Country Czech Republic
31%
Country Djibouti
31%
Country East Timor
31%
Country Ecuador
31%
Country Egypt
31%
Country El Salvador
31%
Country Equatorial Guinea
31%
Country Eritrea
31%
Country Estonia
31%
Country Eswatini
31%
Country Ethiopia
31%
Country Federated States of Micronesia
31%
Country Fiji
31%
Country Finland
31%
Country France
31%
Country Gabon
31%
Country Gambia
31%
Country Georgia
31%
Country Grenada
31%
Country Guatemala
31%
Country Guyana
31%
Country Haiti
31%
Country Honduras
31%
Country Iceland
31%
Country India
31%
Country Iraq
31%
Country Italy
31%
Country Ivory Coast
31%
Country Japan
31%
Country Jordan
31%
Country Kenya
31%
Country Kiribati
31%
Country Kosovo
31%
Country Kuwait
31%
Country Kyrgyzstan
31%
Country Laos
31%
Country Latvia
31%
Country Lesotho
31%
Country Liberia
31%
Country Libya
31%
Country Liechtenstein
31%
Country Luxembourg
31%
Country Madagascar
31%
Country Malawi
31%
Country Malaysia
31%
Country Maldives
31%
Country Mali
31%
Country Malta
31%
Country Marshall Islands
31%
Country Mauritania
31%
Country Mauritius
31%
Country Mexico
31%
Country Moldova
31%
Country Monaco
31%
Country Montenegro
31%
Country Morocco
31%
Country Mozambique
31%
Country Myanmar
31%
Country Namibia
31%
Country Nauru
31%
Country Nepal
31%
Country Netherlands
31%
Country Nicaragua
31%
Country Niger
31%
Country Nigeria
31%
Country North Korea
31%
Country North Macedonia
31%
Country Oman
31%
Country Pakistan
31%
Country Palau
31%
Country Panama
31%
Country Papua-New Guinea
31%
Country Paraguay
31%
Country Peru
31%
Country Portugal
31%
Country Qatar
31%
Country Republic of the Congo
31%
Country Rwanda
31%
Country Saint Kitts and Nevis
31%
Country Saint Lucia
31%
Country Saint Vincent and the Grenadines
31%
Country Samoa
31%
Country San Marino
31%
Country Sao Tome and Principe
31%
Country Saudi Arabia
31%
Country Serbia
31%
Country Seychelles
31%
Country Singapore
31%
Country Slovakia
31%
Country Slovenia
31%
Country Solomon Islands
31%
Country Somalia
31%
Country South Korea
31%
Country South Sudan
31%
Country Sri Lanka
31%
Country Sudan
31%
Country Suriname
31%
Country Sweden
31%
Country Switzerland
31%
Country Syria
31%
Country Taiwan
31%
Country Tajikistan
31%
Country Tanzania
31%
Country Thailand
31%
Country Togo
31%
Country Tonga
31%
Country Trinidad and Tobago
31%
Country Tunisia
31%
Country Turkey
31%
Country Turkmenistan
31%
Country Tuvalu
31%
Country Uganda
31%
Country Ukraine
31%
Country United Arab Emirates
31%
Country United Kingdom
31%
Country Uruguay
31%
Country Vanuatu
31%
Country Vatican City
31%
Country Venezuela
31%
Country Vietnam
31%
Country Yemen
31%
Country Zambia
31%
Country Zimbabwe
31%
Country Algeria
30%
Country Argentina
30%
Country Bulgaria
30%
Country Democratic Republic of the Congo
30%
Country Egypt
30%
Country Ghana
30%
Country Indonesia
30%
Country Iran
30%
Country Ireland
30%
Country Liberia
30%
Country Poland
30%
Country Republic of the Congo
30%
Country Spain
30%
Country Afghanistan
29%
Country Algeria
29%
Country Argentina
29%
Country Australia
29%
Country Azerbaijan
29%
Country Barbados
29%
Country Belgium
29%
Country Bolivia
29%
Country Bosnia and Herzegovina
29%
Country Botswana
29%
Country Brazil
29%
Country Bulgaria
29%
Country Burkina Faso
29%
Country Canada
29%
Country Central African Republic
29%
Country Chad
29%
Country Chile
29%
Country Colombia
29%
Country Comoros
29%
Country Croatia
29%
Country Cuba
29%
Country Democratic Republic of the Congo
29%
Country Denmark
29%
Country Dominica
29%
Country Dominican Republic
29%
Country Egypt
29%
Country Eritrea
29%
Country Estonia
29%
Country Eswatini
29%
Country Ethiopia
29%
Country Federated States of Micronesia
29%
Country Finland
29%
Country France
29%
Country Gabon
29%
Country Gambia
29%
Country Germany
29%
Country Ghana
29%
Country Guatemala
29%
Country Guinea
29%
Country Guinea-Bissau
29%
Country Honduras
29%
Country India
29%
Country Indonesia
29%
Country Iran
29%
Country Iraq
29%
Country Ireland
29%
Country Israel
29%
Country Italy
29%
Country Ivory Coast
29%
Country Jamaica
29%
Country Japan
29%
Country Kazakhstan
29%
Country Kenya
29%
Country Kiribati
29%
Country Liberia
29%
Country Libya
29%
Country Luxembourg
29%
Country Madagascar
29%
Country Malaysia
29%
Country Marshall Islands
29%
Country Mauritius
29%
Country Mexico
29%
Country Moldova
29%
Country Morocco
29%
Country Mozambique
29%
Country Namibia
29%
Country Nepal
29%
Country Netherlands
29%
Country New Zealand
29%
Country Nicaragua
29%
Country Nigeria
29%
Country Norway
29%
Country Oman
29%
Country Pakistan
29%
Country Palau
29%
Country Panama
29%
Country Peru
29%
Country Poland
29%
Country Portugal
29%
Country Republic of the Congo
29%
Country Russia
29%
Country Saudi Arabia
29%
Country Senegal
29%
Country Serbia
29%
Country Seychelles
29%
Country Sierra Leone
29%
Country Slovakia
29%
Country Somalia
29%
Country South Africa
29%
Country South Sudan
29%
Country Spain
29%
Country Sudan
29%
Country Suriname
29%
Country Sweden
29%
Country Tajikistan
29%
Country Tanzania
29%
Country Thailand
29%
Country Togo
29%
Country Turkey
29%
Country Uganda
29%
Country Ukraine
29%
Country United Kingdom
29%
Country Uruguay
29%
Country Vietnam
29%
Country Yemen
29%
Country Zimbabwe
29%
Country Algeria
28%
Country Australia
28%
Country Benin
28%
Country Brazil
28%
Country Central African Republic
28%
Country Chad
28%
Country Egypt
28%
Country France
28%
Country Ghana
28%
Country Guinea
28%
Country India
28%
Country Ireland
28%
Country Italy
28%
Country Ivory Coast
28%
Country Jamaica
28%
Country Japan
28%
Country Mexico
28%
Country Niger
28%
Country Romania
28%
Country South Africa
28%
Country Spain
28%
Country Sweden
28%
Country Algeria
27%
Country Andorra
27%
Country Argentina
27%
Country Australia
27%
Country Belarus
27%
Country Benin
27%
Country Cambodia
27%
Country Canada
27%
Country Chad
27%
Country Chile
27%
Country Croatia
27%
Country Czech Republic
27%
Country Democratic Republic of the Congo
27%
Country Denmark
27%
Country Dominican Republic
27%
Country Ecuador
27%
Country Ethiopia
27%
Country Finland
27%
Country France
27%
Country Gabon
27%
Country Germany
27%
Country Guinea
27%
Country Haiti
27%
Country Honduras
27%
Country Hungary
27%
Country India
27%
Country Indonesia
27%
Country Japan
27%
Country Jordan
27%
Country Kenya
27%
Country Liberia
27%
Country Libya
27%
Country Liechtenstein
27%
Country Lithuania
27%
Country Mali
27%
Country Mexico
27%
Country Moldova
27%
Country Morocco
27%
Country Mozambique
27%
Country New Zealand
27%
Country Niger
27%
Country Nigeria
27%
Country Norway
27%
Country Palau
27%
Country Paraguay
27%
Country Peru
27%
Country Poland
27%
Country Portugal
27%
Country Republic of the Congo
27%
Country Romania
27%
Country Rwanda
27%
Country Serbia
27%
Country Seychelles
27%
Country Sweden
27%
Country Tanzania
27%
Country Uganda
27%
Country Ukraine
27%
Country United Arab Emirates
27%
Country United Kingdom
27%
Country Uruguay
27%
Country Venezuela
27%
Country Vietnam
27%
Country Yemen
27%
Country Afghanistan
26%
Country Albania
26%
Country Algeria
26%
Country Andorra
26%
Country Angola
26%
Country Antigua and Barbuda
26%
Country Argentina
26%
Country Austria
26%
Country Azerbaijan
26%
Country Bahamas
26%
Country Bahrain
26%
Country Barbados
26%
Country Belarus
26%
Country Belize
26%
Country Benin
26%
Country Bhutan
26%
Country Bosnia and Herzegovina
26%
Country Botswana
26%
Country Brunei
26%
Country Bulgaria
26%
Country Burkina Faso
26%
Country Burundi
26%
Country Cambodia
26%
Country Cameroon
26%
Country Canada
26%
Country Cape Verde
26%
Country Central African Republic
26%
Country Comoros
26%
Country Costa Rica
26%
Country Croatia
26%
Country Cuba
26%
Country Cyprus
26%
Country Czech Republic
26%
Country Democratic Republic of the Congo
26%
Country Denmark
26%
Country Djibouti
26%
Country Dominica
26%
Country Dominican Republic
26%
Country East Timor
26%
Country El Salvador
26%
Country Equatorial Guinea
26%
Country Eritrea
26%
Country Eswatini
26%
Country Federated States of Micronesia
26%
Country Fiji
26%
Country Finland
26%
Country Gabon
26%
Country Gambia
26%
Country Georgia
26%
Country Germany
26%
Country Greece
26%
Country Guatemala
26%
Country Guinea-Bissau
26%
Country Haiti
26%
Country Honduras
26%
Country Hungary
26%
Country Iceland
26%
Country India
26%
Country Indonesia
26%
Country Iraq
26%
Country Ireland
26%
Country Israel
26%
Country Jordan
26%
Country Kazakhstan
26%
Country Kiribati
26%
Country Kosovo
26%
Country Kuwait
26%
Country Kyrgyzstan
26%
Country Laos
26%
Country Latvia
26%
Country Lebanon
26%
Country Lesotho
26%
Country Liberia
26%
Country Libya
26%
Country Liechtenstein
26%
Country Lithuania
26%
Country Luxembourg
26%
Country Madagascar
26%
Country Malaysia
26%
Country Maldives
26%
Country Mali
26%
Country Malta
26%
Country Marshall Islands
26%
Country Mauritius
26%
Country Mexico
26%
Country Moldova
26%
Country Monaco
26%
Country Mongolia
26%
Country Montenegro
26%
Country Mozambique
26%
Country Myanmar
26%
Country Namibia
26%
Country Nepal
26%
Country New Zealand
26%
Country Nicaragua
26%
Country North Korea
26%
Country North Macedonia
26%
Country Norway
26%
Country Oman
26%
Country Palau
26%
Country Panama
26%
Country Papua-New Guinea
26%
Country Paraguay
26%
Country Peru
26%
Country Philippines
26%
Country Poland
26%
Country Portugal
26%
Country Qatar
26%
Country Republic of the Congo
26%
Country Romania
26%
Country Saint Kitts and Nevis
26%
Country Saint Lucia
26%
Country Samoa
26%
Country San Marino
26%
Country Sao Tome and Principe
26%
Country Saudi Arabia
26%
Country Senegal
26%
Country Serbia
26%
Country Seychelles
26%
Country Sierra Leone
26%
Country Singapore
26%
Country Slovakia
26%
Country Slovenia
26%
Country Solomon Islands
26%
Country Somalia
26%
Country South Africa
26%
Country South Korea
26%
Country Sri Lanka
26%
Country Sweden
26%
Country Switzerland
26%
Country Syria
26%
Country Taiwan
26%
Country Tajikistan
26%
Country Tonga
26%
Country Trinidad and Tobago
26%
Country Tunisia
26%
Country Turkey
26%
Country Turkmenistan
26%
Country Tuvalu
26%
Country Uganda
26%
Country United Arab Emirates
26%
Country United Kingdom
26%
Country Uruguay
26%
Country Uzbekistan
26%
Country Vanuatu
26%
Country Vatican City
26%
Country Venezuela
26%
Country Vietnam
26%
Country Yemen
26%
Country Zambia
26%
Country Argentina
25%
Country Benin
25%
Country Brazil
25%
Country Bulgaria
25%
Country Canada
25%
Country Central African Republic
25%
Country Democratic Republic of the Congo
25%
Country Finland
25%
Country France
25%
Country Germany
25%
Country Greece
25%
Country Hungary
25%
Country Iceland
25%
Country Indonesia
25%
Country Iran
25%
Country Italy
25%
Country Jamaica
25%
Country Japan
25%
Country Kuwait
25%
Country Libya
25%
Country Madagascar
25%
Country Mexico
25%
Country Norway
25%
Country Poland
25%
Country Republic of the Congo
25%
Country Romania
25%
Country Serbia
25%
Country South Sudan
25%
Country Sudan
25%
Country Sweden
25%
Country Togo
25%
Country Ukraine
25%
Country United Kingdom
25%
Country Afghanistan
24%
Country Albania
24%
Country Algeria
24%
Country Andorra
24%
Country Angola
24%
Country Antigua and Barbuda
24%
Country Argentina
24%
Country Armenia
24%
Country Australia
24%
Country Austria
24%
Country Azerbaijan
24%
Country Bahamas
24%
Country Bahrain
24%
Country Bangladesh
24%
Country Barbados
24%
Country Belarus
24%
Country Belgium
24%
Country Belize
24%
Country Benin
24%
Country Bhutan
24%
Country Bolivia
24%
Country Bosnia and Herzegovina
24%
Country Botswana
24%
Country Brunei
24%
Country Bulgaria
24%
Country Burkina Faso
24%
Country Burundi
24%
Country Cambodia
24%
Country Cameroon
24%
Country Canada
24%
Country Cape Verde
24%
Country Chad
24%
Country China
24%
Country Colombia
24%
Country Comoros
24%
Country Costa Rica
24%
Country Croatia
24%
Country Cyprus
24%
Country Czech Republic
24%
Country Democratic Republic of the Congo
24%
Country Denmark
24%
Country Djibouti
24%
Country Dominica
24%
Country Dominican Republic
24%
Country East Timor
24%
Country Ecuador
24%
Country Egypt
24%
Country El Salvador
24%
Country Equatorial Guinea
24%
Country Eritrea
24%
Country Estonia
24%
Country Ethiopia
24%
Country Fiji
24%
Country Finland
24%
Country France
24%
Country Gabon
24%
Country Gambia
24%
Country Georgia
24%
Country Germany
24%
Country Greece
24%
Country Grenada
24%
Country Guatemala
24%
Country Guinea
24%
Country Guinea-Bissau
24%
Country Guyana
24%
Country Haiti
24%
Country Hungary
24%
Country Iceland
24%
Country India
24%
Country Indonesia
24%
Country Iran
24%
Country Iraq
24%
Country Ireland
24%
Country Italy
24%
Country Ivory Coast
24%
Country Japan
24%
Country Jordan
24%
Country Kazakhstan
24%
Country Kenya
24%
Country Kiribati
24%
Country Kosovo
24%
Country Kuwait
24%
Country Kyrgyzstan
24%
Country Laos
24%
Country Latvia
24%
Country Lebanon
24%
Country Lesotho
24%
Country Liberia
24%
Country Libya
24%
Country Liechtenstein
24%
Country Lithuania
24%
Country Luxembourg
24%
Country Madagascar
24%
Country Malawi
24%
Country Malaysia
24%
Country Maldives
24%
Country Mali
24%
Country Malta
24%
Country Marshall Islands
24%
Country Mauritania
24%
Country Mauritius
24%
Country Mexico
24%
Country Moldova
24%
Country Monaco
24%
Country Mongolia
24%
Country Montenegro
24%
Country Morocco
24%
Country Mozambique
24%
Country Myanmar
24%
Country Nauru
24%
Country Netherlands
24%
Country New Zealand
24%
Country Niger
24%
Country Nigeria
24%
Country North Korea
24%
Country North Macedonia
24%
Country Norway
24%
Country Oman
24%
Country Pakistan
24%
Country Panama
24%
Country Papua-New Guinea
24%
Country Paraguay
24%
Country Peru
24%
Country Philippines
24%
Country Poland
24%
Country Portugal
24%
Country Qatar
24%
Country Romania
24%
Country Rwanda
24%
Country Saint Kitts and Nevis
24%
Country Saint Lucia
24%
Country Saint Vincent and the Grenadines
24%
Country Samoa
24%
Country San Marino
24%
Country Sao Tome and Principe
24%
Country Saudi Arabia
24%
Country Senegal
24%
Country Serbia
24%
Country Seychelles
24%
Country Singapore
24%
Country Slovakia
24%
Country Slovenia
24%
Country Solomon Islands
24%
Country Somalia
24%
Country South Africa
24%
Country South Korea
24%
Country South Sudan
24%
Country Spain
24%
Country Sri Lanka
24%
Country Sudan
24%
Country Sweden
24%
Country Switzerland
24%
Country Syria
24%
Country Taiwan
24%
Country Tajikistan
24%
Country Tanzania
24%
Country Thailand
24%
Country Togo
24%
Country Tonga
24%
Country Trinidad and Tobago
24%
Country Tunisia
24%
Country Turkey
24%
Country Turkmenistan
24%
Country Tuvalu
24%
Country Uganda
24%
Country Ukraine
24%
Country United Arab Emirates
24%
Country United Kingdom
24%
Country Uzbekistan
24%
Country Vanuatu
24%
Country Vatican City
24%
Country Venezuela
24%
Country Zambia
24%
Country Zimbabwe
24%
Country Algeria
23%
Country Andorra
23%
Country Angola
23%
Country Bangladesh
23%
Country Belarus
23%
Country Bolivia
23%
Country Cameroon
23%
Country Canada
23%
Country Cape Verde
23%
Country Chad
23%
Country Democratic Republic of the Congo
23%
Country Egypt
23%
Country Estonia
23%
Country Fiji
23%
Country Finland
23%
Country Greece
23%
Country Haiti
23%
Country India
23%
Country Iran
23%
Country Ireland
23%
Country Italy
23%
Country Jamaica
23%
Country Libya
23%
Country Malaysia
23%
Country Morocco
23%
Country Norway
23%
Country Palau
23%
Country Peru
23%
Country Philippines
23%
Country Republic of the Congo
23%
Country Romania
23%
Country Saint Lucia
23%
Country Saudi Arabia
23%
Country Seychelles
23%
Country South Africa
23%
Country Spain
23%
Country Angola
22%
Country Armenia
22%
Country Australia
22%
Country Belgium
22%
Country Benin
22%
Country Bolivia
22%
Country Chad
22%
Country Chile
22%
Country China
22%
Country Colombia
22%
Country Comoros
22%
Country Croatia
22%
Country Democratic Republic of the Congo
22%
Country Denmark
22%
Country Dominican Republic
22%
Country Ecuador
22%
Country Estonia
22%
Country Ethiopia
22%
Country Finland
22%
Country Gabon
22%
Country Germany
22%
Country Ghana
22%
Country Guatemala
22%
Country Guinea
22%
Country Guyana
22%
Country Honduras
22%
Country Hungary
22%
Country Iceland
22%
Country Iran
22%
Country Ireland
22%
Country Israel
22%
Country Italy
22%
Country Jamaica
22%
Country Japan
22%
Country Jordan
22%
Country Kazakhstan
22%
Country Kuwait
22%
Country Latvia
22%
Country Liberia
22%
Country Libya
22%
Country Lithuania
22%
Country Madagascar
22%
Country Mali
22%
Country Mauritania
22%
Country Mexico
22%
Country Morocco
22%
Country Myanmar
22%
Country Namibia
22%
Country New Zealand
22%
Country Niger
22%
Country Nigeria
22%
Country North Korea
22%
Country Norway
22%
Country Oman
22%
Country Panama
22%
Country Poland
22%
Country Republic of the Congo
22%
Country Romania
22%
Country Russia
22%
Country Saint Lucia
22%
Country San Marino
22%
Country Saudi Arabia
22%
Country Serbia
22%
Country Seychelles
22%
Country Singapore
22%
Country Slovakia
22%
Country Slovenia
22%
Country Somalia
22%
Country South Africa
22%
Country South Korea
22%
Country South Sudan
22%
Country Spain
22%
Country Sudan
22%
Country Sweden
22%
Country Syria
22%
Country Togo
22%
Country Ukraine
22%
Country United Arab Emirates
22%
Country United Kingdom
22%
Country Venezuela
22%
Country Vietnam
22%
Country Zambia
22%
Country Afghanistan
21%
Country Albania
21%
Country Algeria
21%
Country Andorra
21%
Country Angola
21%
Country Antigua and Barbuda
21%
Country Argentina
21%
Country Armenia
21%
Country Australia
21%
Country Austria
21%
Country Azerbaijan
21%
Country Bahamas
21%
Country Bahrain
21%
Country Bangladesh
21%
Country Belarus
21%
Country Belize
21%
Country Benin
21%
Country Bhutan
21%
Country Botswana
21%
Country Brunei
21%
Country Burundi
21%
Country Cambodia
21%
Country Cameroon
21%
Country Canada
21%
Country Cape Verde
21%
Country Chad
21%
Country Colombia
21%
Country Costa Rica
21%
Country Croatia
21%
Country Cyprus
21%
Country Czech Republic
21%
Country Democratic Republic of the Congo
21%
Country Denmark
21%
Country Djibouti
21%
Country Dominica
21%
Country Dominican Republic
21%
Country East Timor
21%
Country Ecuador
21%
Country El Salvador
21%
Country Equatorial Guinea
21%
Country Estonia
21%
Country Eswatini
21%
Country Federated States of Micronesia
21%
Country Fiji
21%
Country Finland
21%
Country France
21%
Country Gabon
21%
Country Georgia
21%
Country Germany
21%
Country Ghana
21%
Country Greece
21%
Country Grenada
21%
Country Guyana
21%
Country Haiti
21%
Country Hungary
21%
Country Iceland
21%
Country India
21%
Country Indonesia
21%
Country Iraq
21%
Country Israel
21%
Country Italy
21%
Country Jamaica
21%
Country Japan
21%
Country Jordan
21%
Country Kazakhstan
21%
Country Kiribati
21%
Country Kosovo
21%
Country Kuwait
21%
Country Kyrgyzstan
21%
Country Laos
21%
Country Latvia
21%
Country Lebanon
21%
Country Lesotho
21%
Country Liberia
21%
Country Libya
21%
Country Liechtenstein
21%
Country Lithuania
21%
Country Luxembourg
21%
Country Madagascar
21%
Country Malawi
21%
Country Maldives
21%
Country Mali
21%
Country Malta
21%
Country Marshall Islands
21%
Country Monaco
21%
Country Mongolia
21%
Country Montenegro
21%
Country Morocco
21%
Country Myanmar
21%
Country Namibia
21%
Country Nauru
21%
Country Nepal
21%
Country Netherlands
21%
Country New Zealand
21%
Country Niger
21%
Country Nigeria
21%
Country North Korea
21%
Country North Macedonia
21%
Country Norway
21%
Country Oman
21%
Country Pakistan
21%
Country Palau
21%
Country Panama
21%
Country Papua-New Guinea
21%
Country Paraguay
21%
Country Peru
21%
Country Philippines
21%
Country Poland
21%
Country Portugal
21%
Country Qatar
21%
Country Republic of the Congo
21%
Country Romania
21%
Country Rwanda
21%
Country Saint Kitts and Nevis
21%
Country Saint Lucia
21%
Country Saint Vincent and the Grenadines
21%
Country Samoa
21%
Country San Marino
21%
Country Sao Tome and Principe
21%
Country Saudi Arabia
21%
Country Serbia
21%
Country Sierra Leone
21%
Country Singapore
21%
Country Slovakia
21%
Country Slovenia
21%
Country Solomon Islands
21%
Country Somalia
21%
Country South Africa
21%
Country South Korea
21%
Country Spain
21%
Country Sri Lanka
21%
Country Sudan
21%
Country Suriname
21%
Country Sweden
21%
Country Syria
21%
Country Taiwan
21%
Country Tajikistan
21%
Country Thailand
21%
Country Togo
21%
Country Tonga
21%
Country Trinidad and Tobago
21%
Country Tunisia
21%
Country Turkey
21%
Country Turkmenistan
21%
Country Tuvalu
21%
Country Uganda
21%
Country Ukraine
21%
Country United Arab Emirates
21%
Country United Kingdom
21%
Country Uruguay
21%
Country Uzbekistan
21%
Country Vanuatu
21%
Country Vatican City
21%
Country Venezuela
21%
Country Vietnam
21%
Country Yemen
21%
Country Zambia
21%
Country Afghanistan
20%
Country Albania
20%
Country Algeria
20%
Country Andorra
20%
Country Angola
20%
Country Antigua and Barbuda
20%
Country Armenia
20%
Country Azerbaijan
20%
Country Bahamas
20%
Country Bahrain
20%
Country Bangladesh
20%
Country Barbados
20%
Country Belgium
20%
Country Belize
20%
Country Benin
20%
Country Bhutan
20%
Country Bolivia
20%
Country Bosnia and Herzegovina
20%
Country Botswana
20%
Country Brazil
20%
Country Brunei
20%
Country Bulgaria
20%
Country Burkina Faso
20%
Country Burundi
20%
Country Cameroon
20%
Country Cape Verde
20%
Country Central African Republic
20%
Country Chad
20%
Country Chile
20%
Country Colombia
20%
Country Comoros
20%
Country Costa Rica
20%
Country Croatia
20%
Country Cyprus
20%
Country Czech Republic
20%
Country Democratic Republic of the Congo
20%
Country Denmark
20%
Country Djibouti
20%
Country Dominica
20%
Country Dominican Republic
20%
Country East Timor
20%
Country Egypt
20%
Country El Salvador
20%
Country Equatorial Guinea
20%
Country Eritrea
20%
Country Estonia
20%
Country Eswatini
20%
Country Ethiopia
20%
Country Federated States of Micronesia
20%
Country Fiji
20%
Country Finland
20%
Country Gabon
20%
Country Gambia
20%
Country Georgia
20%
Country Germany
20%
Country Ghana
20%
Country Greece
20%
Country Grenada
20%
Country Guatemala
20%
Country Guinea
20%
Country Guinea-Bissau
20%
Country Guyana
20%
Country Honduras
20%
Country Hungary
20%
Country Iceland
20%
Country Indonesia
20%
Country Iran
20%
Country Iraq
20%
Country Israel
20%
Country Ivory Coast
20%
Country Jordan
20%
Country Kazakhstan
20%
Country Kenya
20%
Country Kiribati
20%
Country Kosovo
20%
Country Kuwait
20%
Country Kyrgyzstan
20%
Country Laos
20%
Country Latvia
20%
Country Lebanon
20%
Country Lesotho
20%
Country Libya
20%
Country Luxembourg
20%
Country Madagascar
20%
Country Malawi
20%
Country Malaysia
20%
Country Maldives
20%
Country Malta
20%
Country Marshall Islands
20%
Country Mauritania
20%
Country Mauritius
20%
Country Moldova
20%
Country Monaco
20%
Country Mongolia
20%
Country Montenegro
20%
Country Mozambique
20%
Country Myanmar
20%
Country Namibia
20%
Country Nauru
20%
Country Nepal
20%
Country Netherlands
20%
Country New Zealand
20%
Country Nicaragua
20%
Country Niger
20%
Country Nigeria
20%
Country North Korea
20%
Country North Macedonia
20%
Country Norway
20%
Country Oman
20%
Country Pakistan
20%
Country Panama
20%
Country Papua-New Guinea
20%
Country Paraguay
20%
Country Peru
20%
Country Philippines
20%
Country Poland
20%
Country Portugal
20%
Country Qatar
20%
Country Republic of the Congo
20%
Country Rwanda
20%
Country Saint Kitts and Nevis
20%
Country Saint Lucia
20%
Country Saint Vincent and the Grenadines
20%
Country Samoa
20%
Country San Marino
20%
Country Sao Tome and Principe
20%
Country Saudi Arabia
20%
Country Senegal
20%
Country Seychelles
20%
Country Sierra Leone
20%
Country Singapore
20%
Country Slovakia
20%
Country Slovenia
20%
Country Solomon Islands
20%
Country Somalia
20%
Country South Korea
20%
Country South Sudan
20%
Country Spain
20%
Country Sri Lanka
20%
Country Sudan
20%
Country Suriname
20%
Country Switzerland
20%
Country Syria
20%
Country Taiwan
20%
Country Tajikistan
20%
Country Tanzania
20%
Country Thailand
20%
Country Togo
20%
Country Tonga
20%
Country Trinidad and Tobago
20%
Country Tunisia
20%
Country Turkey
20%
Country Turkmenistan
20%
Country Tuvalu
20%
Country Uganda
20%
Country Ukraine
20%
Country Uruguay
20%
Country Uzbekistan
20%
Country Vanuatu
20%
Country Vatican City
20%
Country Yemen
20%
Country Zambia
20%
Country Zimbabwe
20%
Country Afghanistan
19%
Country Algeria
19%
Country Andorra
19%
Country Angola
19%
Country Antigua and Barbuda
19%
Country Armenia
19%
Country Australia
19%
Country Austria
19%
Country Bahamas
19%
Country Bangladesh
19%
Country Barbados
19%
Country Belize
19%
Country Benin
19%
Country Bhutan
19%
Country Bolivia
19%
Country Bosnia and Herzegovina
19%
Country Brunei
19%
Country Burkina Faso
19%
Country Burundi
19%
Country Cambodia
19%
Country Cape Verde
19%
Country Central African Republic
19%
Country Chad
19%
Country Comoros
19%
Country Costa Rica
19%
Country Croatia
19%
Country Cuba
19%
Country Cyprus
19%
Country Czech Republic
19%
Country Democratic Republic of the Congo
19%
Country Djibouti
19%
Country Dominica
19%
Country East Timor
19%
Country Ecuador
19%
Country Egypt
19%
Country El Salvador
19%
Country Equatorial Guinea
19%
Country Estonia
19%
Country Eswatini
19%
Country Federated States of Micronesia
19%
Country Fiji
19%
Country Finland
19%
Country Gabon
19%
Country Gambia
19%
Country Georgia
19%
Country Germany
19%
Country Greece
19%
Country Grenada
19%
Country Guatemala
19%
Country Guinea
19%
Country Guinea-Bissau
19%
Country Haiti
19%
Country Iceland
19%
Country Indonesia
19%
Country Iraq
19%
Country Ireland
19%
Country Israel
19%
Country Ivory Coast
19%
Country Jamaica
19%
Country Japan
19%
Country Jordan
19%
Country Kenya
19%
Country Kosovo
19%
Country Kuwait
19%
Country Kyrgyzstan
19%
Country Laos
19%
Country Lebanon
19%
Country Lesotho
19%
Country Liberia
19%
Country Libya
19%
Country Liechtenstein
19%
Country Lithuania
19%
Country Luxembourg
19%
Country Malawi
19%
Country Maldives
19%
Country Mali
19%
Country Malta
19%
Country Mauritius
19%
Country Moldova
19%
Country Montenegro
19%
Country Mozambique
19%
Country Myanmar
19%
Country Namibia
19%
Country Nauru
19%
Country Nepal
19%
Country Netherlands
19%
Country New Zealand
19%
Country Nicaragua
19%
Country Niger
19%
Country Nigeria
19%
Country North Korea
19%
Country North Macedonia
19%
Country Norway
19%
Country Oman
19%
Country Pakistan
19%
Country Palau
19%
Country Papua-New Guinea
19%
Country Paraguay
19%
Country Peru
19%
Country Qatar
19%
Country Republic of the Congo
19%
Country Rwanda
19%
Country Saint Kitts and Nevis
19%
Country Saint Lucia
19%
Country Saint Vincent and the Grenadines
19%
Country Samoa
19%
Country San Marino
19%
Country Sao Tome and Principe
19%
Country Senegal
19%
Country Serbia
19%
Country Seychelles
19%
Country Sierra Leone
19%
Country Singapore
19%
Country Slovakia
19%
Country Slovenia
19%
Country Solomon Islands
19%
Country South Africa
19%
Country South Korea
19%
Country South Sudan
19%
Country Spain
19%
Country Sri Lanka
19%
Country Sudan
19%
Country Suriname
19%
Country Switzerland
19%
Country Syria
19%
Country Taiwan
19%
Country Tanzania
19%
Country Thailand
19%
Country Togo
19%
Country Tonga
19%
Country Trinidad and Tobago
19%
Country Tunisia
19%
Country Turkey
19%
Country Turkmenistan
19%
Country Tuvalu
19%
Country Uganda
19%
Country United Arab Emirates
19%
Country United Kingdom
19%
Country Uruguay
19%
Country Uzbekistan
19%
Country Vanuatu
19%
Country Vatican City
19%
Country Venezuela
19%
Country Vietnam
19%
Country Yemen
19%
Country Zambia
19%
Country Zimbabwe
19%
Country Afghanistan
18%
Country Algeria
18%
Country Andorra
18%
Country Angola
18%
Country Argentina
18%
Country Armenia
18%
Country Austria
18%
Country Bahamas
18%
Country Bangladesh
18%
Country Barbados
18%
Country Belarus
18%
Country Belize
18%
Country Benin
18%
Country Bhutan
18%
Country Bolivia
18%
Country Bosnia and Herzegovina
18%
Country Brazil
18%
Country Bulgaria
18%
Country Burundi
18%
Country Cameroon
18%
Country Canada
18%
Country Central African Republic
18%
Country Chad
18%
Country Chile
18%
Country Colombia
18%
Country Comoros
18%
Country Costa Rica
18%
Country Croatia
18%
Country Cuba
18%
Country Czech Republic
18%
Country Democratic Republic of the Congo
18%
Country Denmark
18%
Country Djibouti
18%
Country Dominican Republic
18%
Country Egypt
18%
Country Eritrea
18%
Country Estonia
18%
Country Fiji
18%
Country Finland
18%
Country Germany
18%
Country Ghana
18%
Country Greece
18%
Country Grenada
18%
Country Guatemala
18%
Country Guinea
18%
Country Guinea-Bissau
18%
Country Haiti
18%
Country Hungary
18%
Country Iceland
18%
Country India
18%
Country Indonesia
18%
Country Iran
18%
Country Iraq
18%
Country Ireland
18%
Country Israel
18%
Country Italy
18%
Country Ivory Coast
18%
Country Jamaica
18%
Country Japan
18%
Country Kazakhstan
18%
Country Kenya
18%
Country Kiribati
18%
Country Kosovo
18%
Country Kuwait
18%
Country Laos
18%
Country Latvia
18%
Country Liberia
18%
Country Libya
18%
Country Liechtenstein
18%
Country Luxembourg
18%
Country Madagascar
18%
Country Malaysia
18%
Country Maldives
18%
Country Mali
18%
Country Malta
18%
Country Marshall Islands
18%
Country Mauritius
18%
Country Mexico
18%
Country Moldova
18%
Country Monaco
18%
Country Mongolia
18%
Country Montenegro
18%
Country Morocco
18%
Country Mozambique
18%
Country Myanmar
18%
Country Namibia
18%
Country Nepal
18%
Country Netherlands
18%
Country Nicaragua
18%
Country Niger
18%
Country Nigeria
18%
Country North Macedonia
18%
Country Norway
18%
Country Pakistan
18%
Country Palau
18%
Country Panama
18%
Country Papua-New Guinea
18%
Country Paraguay
18%
Country Peru
18%
Country Philippines
18%
Country Poland
18%
Country Portugal
18%
Country Republic of the Congo
18%
Country Romania
18%
Country Samoa
18%
Country San Marino
18%
Country Sao Tome and Principe
18%
Country Saudi Arabia
18%
Country Senegal
18%
Country Serbia
18%
Country Seychelles
18%
Country Sierra Leone
18%
Country Singapore
18%
Country Slovakia
18%
Country Solomon Islands
18%
Country Somalia
18%
Country South Africa
18%
Country South Korea
18%
Country South Sudan
18%
Country Spain
18%
Country Sudan
18%
Country Suriname
18%
Country Sweden
18%
Country Switzerland
18%
Country Syria
18%
Country Taiwan
18%
Country Thailand
18%
Country Togo
18%
Country Tonga
18%
Country Turkey
18%
Country Turkmenistan
18%
Country Tuvalu
18%
Country Uganda
18%
Country Ukraine
18%
Country United Arab Emirates
18%
Country United Kingdom
18%
Country Uruguay
18%
Country Vanuatu
18%
Country Vatican City
18%
Country Venezuela
18%
Country Vietnam
18%
Country Yemen
18%
Country Zambia
18%
Country Zimbabwe
18%
Country | Country Afghanistan
17%
Country Albania
17%
Country Algeria
17%
Country Andorra
17%
Country Angola
17%
Country Antigua and Barbuda
17%
Country Australia
17%
Country Austria
17%
Country Azerbaijan
17%
Country Bahamas
17%
Country Bahrain
17%
Country Bangladesh
17%
Country Barbados
17%
Country Belarus
17%
Country Belize
17%
Country Bhutan
17%
Country Bosnia and Herzegovina
17%
Country Botswana
17%
Country Brunei
17%
Country Bulgaria
17%
Country Burkina Faso
17%
Country Burundi
17%
Country Cambodia
17%
Country Cameroon
17%
Country Cape Verde
17%
Country Central African Republic
17%
Country Chile
17%
Country Colombia
17%
Country Costa Rica
17%
Country Cuba
17%
Country Cyprus
17%
Country Czech Republic
17%
Country Democratic Republic of the Congo
17%
Country Denmark
17%
Country Djibouti
17%
Country Dominica
17%
Country Dominican Republic
17%
Country East Timor
17%
Country Ecuador
17%
Country Egypt
17%
Country El Salvador
17%
Country Equatorial Guinea
17%
Country Eritrea
17%
Country Eswatini
17%
Country Ethiopia
17%
Country Federated States of Micronesia
17%
Country Fiji
17%
Country Finland
17%
Country Gabon
17%
Country Gambia
17%
Country Georgia
17%
Country Germany
17%
Country Greece
17%
Country Grenada
17%
Country Guatemala
17%
Country Guinea
17%
Country Guinea-Bissau
17%
Country Guyana
17%
Country Haiti
17%
Country Honduras
17%
Country Iran
17%
Country Iraq
17%
Country Ireland
17%
Country Israel
17%
Country Ivory Coast
17%
Country Jamaica
17%
Country Kenya
17%
Country Kiribati
17%
Country Kosovo
17%
Country Kyrgyzstan
17%
Country Laos
17%
Country Latvia
17%
Country Lebanon
17%
Country Lesotho
17%
Country Libya
17%
Country Liechtenstein
17%
Country Malawi
17%
Country Maldives
17%
Country Mali
17%
Country Marshall Islands
17%
Country Mauritania
17%
Country Mauritius
17%
Country Mexico
17%
Country Moldova
17%
Country Mongolia
17%
Country Montenegro
17%
Country Mozambique
17%
Country Nauru
17%
Country Nepal
17%
Country Netherlands
17%
Country New Zealand
17%
Country Nicaragua
17%
Country Niger
17%
Country Nigeria
17%
Country North Korea
17%
Country North Macedonia
17%
Country Norway
17%
Country Pakistan
17%
Country Palau
17%
Country Papua-New Guinea
17%
Country Paraguay
17%
Country Peru
17%
Country Philippines
17%
Country Portugal
17%
Country Qatar
17%
Country Republic of the Congo
17%
Country Rwanda
17%
Country Saint Kitts and Nevis
17%
Country Saint Lucia
17%
Country Saint Vincent and the Grenadines
17%
Country Samoa
17%
Country San Marino
17%
Country Sao Tome and Principe
17%
Country Senegal
17%
Country Serbia
17%
Country Sierra Leone
17%
Country Solomon Islands
17%
Country South Korea
17%
Country Sri Lanka
17%
Country Suriname
17%
Country Taiwan
17%
Country Tanzania
17%
Country Thailand
17%
Country Togo
17%
Country Tonga
17%
Country Trinidad and Tobago
17%
Country Tunisia
17%
Country Turkmenistan
17%
Country Tuvalu
17%
Country Uganda
17%
Country Ukraine
17%
Country Uruguay
17%
Country Uzbekistan
17%
Country Vanuatu
17%
Country Vatican City
17%
Country Venezuela
17%
Country Vietnam
17%
Country Yemen
17%
Country Zambia
17%
Country Zimbabwe
17%
Country Afghanistan
16%
Country Albania
16%
Country Algeria
16%
Country Andorra
16%
Country Angola
16%
Country Armenia
16%
Country Australia
16%
Country Austria
16%
Country Azerbaijan
16%
Country Bahrain
16%
Country Bangladesh
16%
Country Barbados
16%
Country Belarus
16%
Country Belgium
16%
Country Bhutan
16%
Country Bolivia
16%
Country Bosnia and Herzegovina
16%
Country Bulgaria
16%
Country Burkina Faso
16%
Country Burundi
16%
Country Cambodia
16%
Country Cameroon
16%
Country Cape Verde
16%
Country Central African Republic
16%
Country Chad
16%
Country Chile
16%
Country Comoros
16%
Country Costa Rica
16%
Country Croatia
16%
Country Cuba
16%
Country Cyprus
16%
Country Czech Republic
16%
Country Djibouti
16%
Country East Timor
16%
Country Egypt
16%
Country El Salvador
16%
Country Estonia
16%
Country Ethiopia
16%
Country Federated States of Micronesia
16%
Country Fiji
16%
Country Finland
16%
Country Gambia
16%
Country Georgia
16%
Country Germany
16%
Country Greece
16%
Country Guyana
16%
Country Haiti
16%
Country Honduras
16%
Country Hungary
16%
Country Indonesia
16%
Country Iran
16%
Country Iraq
16%
Country Israel
16%
Country Ivory Coast
16%
Country Jamaica
16%
Country Japan
16%
Country Jordan
16%
Country Kazakhstan
16%
Country Kenya
16%
Country Kiribati
16%
Country Kosovo
16%
Country Kuwait
16%
Country Kyrgyzstan
16%
Country Latvia
16%
Country Lebanon
16%
Country Liberia
16%
Country Liechtenstein
16%
Country Lithuania
16%
Country Luxembourg
16%
Country Malawi
16%
Country Maldives
16%
Country Mali
16%
Country Mauritius
16%
Country Mexico
16%
Country Monaco
16%
Country Mongolia
16%
Country Montenegro
16%
Country Morocco
16%
Country Mozambique
16%
Country Myanmar
16%
Country Namibia
16%
Country Nauru
16%
Country Nepal
16%
Country Netherlands
16%
Country New Zealand
16%
Country Nicaragua
16%
Country Norway
16%
Country Oman
16%
Country Pakistan
16%
Country Palau
16%
Country Panama
16%
Country Papua-New Guinea
16%
Country Paraguay
16%
Country Poland
16%
Country Qatar
16%
Country Republic of the Congo
16%
Country Saint Kitts and Nevis
16%
Country Saint Lucia
16%
Country Saint Vincent and the Grenadines
16%
Country Samoa
16%
Country San Marino
16%
Country Sao Tome and Principe
16%
Country Saudi Arabia
16%
Country Senegal
16%
Country Serbia
16%
Country Seychelles
16%
Country Singapore
16%
Country Slovakia
16%
Country Slovenia
16%
Country Solomon Islands
16%
Country Somalia
16%
Country South Sudan
16%
Country Sri Lanka
16%
Country Sudan
16%
Country Sweden
16%
Country Switzerland
16%
Country Syria
16%
Country Taiwan
16%
Country Tajikistan
16%
Country Tanzania
16%
Country Thailand
16%
Country Togo
16%
Country Tonga
16%
Country Tunisia
16%
Country Turkmenistan
16%
Country Tuvalu
16%
Country United Arab Emirates
16%
Country Uruguay
16%
Country Vanuatu
16%
Country Vatican City
16%
Country Vietnam
16%
Country Zimbabwe
16%
Country | Country Afghanistan
15%
Country Albania
15%
Country Algeria
15%
Country Andorra
15%
Country Angola
15%
Country Antigua and Barbuda
15%
Country Argentina
15%
Country Armenia
15%
Country Austria
15%
Country Azerbaijan
15%
Country Bahamas
15%
Country Bahrain
15%
Country Bangladesh
15%
Country Barbados
15%
Country Belarus
15%
Country Belgium
15%
Country Belize
15%
Country Benin
15%
Country Bhutan
15%
Country Bosnia and Herzegovina
15%
Country Botswana
15%
Country Brunei
15%
Country Bulgaria
15%
Country Burkina Faso
15%
Country Burundi
15%
Country Cambodia
15%
Country Cameroon
15%
Country Cape Verde
15%
Country Central African Republic
15%
Country Chad
15%
Country Chile
15%
Country Colombia
15%
Country Comoros
15%
Country Costa Rica
15%
Country Croatia
15%
Country Cuba
15%
Country Cyprus
15%
Country Czech Republic
15%
Country Denmark
15%
Country Djibouti
15%
Country Dominica
15%
Country Dominican Republic
15%
Country East Timor
15%
Country Ecuador
15%
Country Egypt
15%
Country El Salvador
15%
Country Equatorial Guinea
15%
Country Eritrea
15%
Country Estonia
15%
Country Eswatini
15%
Country Ethiopia
15%
Country Federated States of Micronesia
15%
Country Fiji
15%
Country Gabon
15%
Country Gambia
15%
Country Georgia
15%
Country Ghana
15%
Country Greece
15%
Country Grenada
15%
Country Guatemala
15%
Country Guinea
15%
Country Guinea-Bissau
15%
Country Guyana
15%
Country Haiti
15%
Country Honduras
15%
Country Hungary
15%
Country Iceland
15%
Country Indonesia
15%
Country Iraq
15%
Country Ireland
15%
Country Israel
15%
Country Ivory Coast
15%
Country Jamaica
15%
Country Japan
15%
Country Jordan
15%
Country Kazakhstan
15%
Country Kenya
15%
Country Kiribati
15%
Country Kosovo
15%
Country Kuwait
15%
Country Kyrgyzstan
15%
Country Laos
15%
Country Latvia
15%
Country Lebanon
15%
Country Lesotho
15%
Country Liberia
15%
Country Libya
15%
Country Liechtenstein
15%
Country Lithuania
15%
Country Luxembourg
15%
Country Madagascar
15%
Country Malawi
15%
Country Malaysia
15%
Country Maldives
15%
Country Mali
15%
Country Malta
15%
Country Marshall Islands
15%
Country Mauritania
15%
Country Mauritius
15%
Country Mexico
15%
Country Moldova
15%
Country Monaco
15%
Country Mongolia
15%
Country Montenegro
15%
Country Morocco
15%
Country Mozambique
15%
Country Myanmar
15%
Country Namibia
15%
Country Nauru
15%
Country Nepal
15%
Country Netherlands
15%
Country New Zealand
15%
Country Nicaragua
15%
Country Niger
15%
Country Nigeria
15%
Country North Korea
15%
Country North Macedonia
15%
Country Oman
15%
Country Pakistan
15%
Country Palau
15%
Country Panama
15%
Country Papua-New Guinea
15%
Country Paraguay
15%
Country Philippines
15%
Country Poland
15%
Country Portugal
15%
Country Qatar
15%
Country Romania
15%
Country Rwanda
15%
Country Saint Kitts and Nevis
15%
Country Saint Lucia
15%
Country Saint Vincent and the Grenadines
15%
Country Samoa
15%
Country San Marino
15%
Country Sao Tome and Principe
15%
Country Saudi Arabia
15%
Country Senegal
15%
Country Serbia
15%
Country Seychelles
15%
Country Sierra Leone
15%
Country Singapore
15%
Country Slovakia
15%
Country Slovenia
15%
Country Solomon Islands
15%
Country Somalia
15%
Country South Korea
15%
Country South Sudan
15%
Country Spain
15%
Country Sri Lanka
15%
Country Sudan
15%
Country Suriname
15%
Country Sweden
15%
Country Switzerland
15%
Country Syria
15%
Country Taiwan
15%
Country Tajikistan
15%
Country Tanzania
15%
Country Thailand
15%
Country Togo
15%
Country Tonga
15%
Country Trinidad and Tobago
15%
Country Tunisia
15%
Country Turkey
15%
Country Turkmenistan
15%
Country Tuvalu
15%
Country Ukraine
15%
Country United Arab Emirates
15%
Country Uruguay
15%
Country Uzbekistan
15%
Country Vanuatu
15%
Country Vatican City
15%
Country Venezuela
15%
Country Vietnam
15%
Country Yemen
15%
Country Zambia
15%
Country Zimbabwe
15%
Country Afghanistan
14%
Country Albania
14%
Country Algeria
14%
Country Angola
14%
Country Antigua and Barbuda
14%
Country Argentina
14%
Country Australia
14%
Country Austria
14%
Country Azerbaijan
14%
Country Bahamas
14%
Country Bahrain
14%
Country Bangladesh
14%
Country Barbados
14%
Country Belarus
14%
Country Belgium
14%
Country Belize
14%
Country Bhutan
14%
Country Bolivia
14%
Country Bosnia and Herzegovina
14%
Country Botswana
14%
Country Brunei
14%
Country Burkina Faso
14%
Country Burundi
14%
Country Cambodia
14%
Country Canada
14%
Country Cape Verde
14%
Country Central African Republic
14%
Country Chad
14%
Country Chile
14%
Country Colombia
14%
Country Comoros
14%
Country Costa Rica
14%
Country Croatia
14%
Country Cuba
14%
Country Cyprus
14%
Country Czech Republic
14%
Country Democratic Republic of the Congo
14%
Country Denmark
14%
Country Djibouti
14%
Country Dominican Republic
14%
Country East Timor
14%
Country Ecuador
14%
Country Egypt
14%
Country El Salvador
14%
Country Equatorial Guinea
14%
Country Eritrea
14%
Country Estonia
14%
Country Eswatini
14%
Country Ethiopia
14%
Country Federated States of Micronesia
14%
Country Fiji
14%
Country France
14%
Country Gabon
14%
Country Gambia
14%
Country Georgia
14%
Country Germany
14%
Country Ghana
14%
Country Grenada
14%
Country Guatemala
14%
Country Guinea
14%
Country Guinea-Bissau
14%
Country Guyana
14%
Country Haiti
14%
Country Honduras
14%
Country Iceland
14%
Country Indonesia
14%
Country Iran
14%
Country Iraq
14%
Country Ireland
14%
Country Israel
14%
Country Italy
14%
Country Ivory Coast
14%
Country Jamaica
14%
Country Japan
14%
Country Jordan
14%
Country Kazakhstan
14%
Country Kenya
14%
Country Kiribati
14%
Country Kosovo
14%
Country Kuwait
14%
Country Laos
14%
Country Latvia
14%
Country Lebanon
14%
Country Liberia
14%
Country Libya
14%
Country Liechtenstein
14%
Country Lithuania
14%
Country Luxembourg
14%
Country Madagascar
14%
Country Malawi
14%
Country Malaysia
14%
Country Maldives
14%
Country Mali
14%
Country Malta
14%
Country Marshall Islands
14%
Country Mauritania
14%
Country Mauritius
14%
Country Mexico
14%
Country Moldova
14%
Country Mongolia
14%
Country Montenegro
14%
Country Morocco
14%
Country Mozambique
14%
Country Myanmar
14%
Country Namibia
14%
Country Nauru
14%
Country Nepal
14%
Country Netherlands
14%
Country New Zealand
14%
Country Nicaragua
14%
Country Nigeria
14%
Country North Korea
14%
Country North Macedonia
14%
Country Norway
14%
Country Oman
14%
Country Pakistan
14%
Country Palau
14%
Country Panama
14%
Country Papua-New Guinea
14%
Country Paraguay
14%
Country Peru
14%
Country Philippines
14%
Country Poland
14%
Country Portugal
14%
Country Qatar
14%
Country Republic of the Congo
14%
Country Romania
14%
Country Rwanda
14%
Country Saint Kitts and Nevis
14%
Country Saint Lucia
14%
Country Saint Vincent and the Grenadines
14%
Country Samoa
14%
Country San Marino
14%
Country Sao Tome and Principe
14%
Country Saudi Arabia
14%
Country Senegal
14%
Country Seychelles
14%
Country Sierra Leone
14%
Country Singapore
14%
Country Slovakia
14%
Country Slovenia
14%
Country Solomon Islands
14%
Country Somalia
14%
Country South Korea
14%
Country South Sudan
14%
Country Sri Lanka
14%
Country Sudan
14%
Country Suriname
14%
Country Sweden
14%
Country Switzerland
14%
Country Syria
14%
Country Taiwan
14%
Country Tanzania
14%
Country Thailand
14%
Country Togo
14%
Country Tonga
14%
Country Trinidad and Tobago
14%
Country Tunisia
14%
Country Turkey
14%
Country Tuvalu
14%
Country Uganda
14%
Country Ukraine
14%
Country United Arab Emirates
14%
Country United Kingdom
14%
Country Uruguay
14%
Country Vanuatu
14%
Country Vatican City
14%
Country Venezuela
14%
Country Vietnam
14%
Country Yemen
14%
Country Zambia
14%
Country Zimbabwe
14%
Country | Country Afghanistan
13%
Country Algeria
13%
Country Angola
13%
Country Australia
13%
Country Austria
13%
Country Bahrain
13%
Country Belgium
13%
Country Benin
13%
Country Botswana
13%
Country Bulgaria
13%
Country Cameroon
13%
Country Central African Republic
13%
Country Chad
13%
Country Chile
13%
Country China
13%
Country Colombia
13%
Country Comoros
13%
Country Cuba
13%
Country Democratic Republic of the Congo
13%
Country Denmark
13%
Country Dominica
13%
Country Dominican Republic
13%
Country Estonia
13%
Country Ethiopia
13%
Country Fiji
13%
Country Finland
13%
Country France
13%
Country Gabon
13%
Country Gambia
13%
Country Germany
13%
Country Ghana
13%
Country Greece
13%
Country Guinea
13%
Country Guinea-Bissau
13%
Country Haiti
13%
Country Honduras
13%
Country Hungary
13%
Country Iceland
13%
Country India
13%
Country Indonesia
13%
Country Iran
13%
Country Iraq
13%
Country Ireland
13%
Country Israel
13%
Country Italy
13%
Country Jamaica
13%
Country Japan
13%
Country Jordan
13%
Country Kazakhstan
13%
Country Kenya
13%
Country Laos
13%
Country Lesotho
13%
Country Liberia
13%
Country Libya
13%
Country Liechtenstein
13%
Country Luxembourg
13%
Country Mali
13%
Country Mauritius
13%
Country Mexico
13%
Country Monaco
13%
Country Mongolia
13%
Country Morocco
13%
Country Namibia
13%
Country Netherlands
13%
Country New Zealand
13%
Country Nicaragua
13%
Country Niger
13%
Country Nigeria
13%
Country North Korea
13%
Country Norway
13%
Country Oman
13%
Country Palau
13%
Country Paraguay
13%
Country Philippines
13%
Country Poland
13%
Country Republic of the Congo
13%
Country Romania
13%
Country San Marino
13%
Country Saudi Arabia
13%
Country Senegal
13%
Country Seychelles
13%
Country Somalia
13%
Country South Africa
13%
Country South Korea
13%
Country Spain
13%
Country Sudan
13%
Country Sweden
13%
Country Switzerland
13%
Country Syria
13%
Country Taiwan
13%
Country Tajikistan
13%
Country Turkey
13%
Country Turkmenistan
13%
Country Uganda
13%
Country United Arab Emirates
13%
Country Venezuela
13%
Country Vietnam
13%
Country Yemen
13%
Country Afghanistan
12%
Country Albania
12%
Country Algeria
12%
Country Angola
12%
Country Antigua and Barbuda
12%
Country Argentina
12%
Country Armenia
12%
Country Azerbaijan
12%
Country Bahamas
12%
Country Bahrain
12%
Country Bangladesh
12%
Country Barbados
12%
Country Belarus
12%
Country Belgium
12%
Country Belize
12%
Country Benin
12%
Country Bhutan
12%
Country Bolivia
12%
Country Bosnia and Herzegovina
12%
Country Botswana
12%
Country Brunei
12%
Country Bulgaria
12%
Country Burkina Faso
12%
Country Burundi
12%
Country Cambodia
12%
Country Cameroon
12%
Country Canada
12%
Country Cape Verde
12%
Country Central African Republic
12%
Country Chad
12%
Country Chile
12%
Country Colombia
12%
Country Comoros
12%
Country Costa Rica
12%
Country Croatia
12%
Country Cuba
12%
Country Cyprus
12%
Country Democratic Republic of the Congo
12%
Country Denmark
12%
Country Djibouti
12%
Country Dominica
12%
Country East Timor
12%
Country Ecuador
12%
Country Egypt
12%
Country El Salvador
12%
Country Equatorial Guinea
12%
Country Eritrea
12%
Country Estonia
12%
Country Eswatini
12%
Country Ethiopia
12%
Country Federated States of Micronesia
12%
Country Fiji
12%
Country Finland
12%
Country Gabon
12%
Country Gambia
12%
Country Georgia
12%
Country Germany
12%
Country Ghana
12%
Country Grenada
12%
Country Guatemala
12%
Country Guinea
12%
Country Guinea-Bissau
12%
Country Guyana
12%
Country Haiti
12%
Country Honduras
12%
Country Hungary
12%
Country Iceland
12%
Country India
12%
Country Indonesia
12%
Country Iran
12%
Country Iraq
12%
Country Ireland
12%
Country Israel
12%
Country Italy
12%
Country Ivory Coast
12%
Country Jamaica
12%
Country Jordan
12%
Country Kazakhstan
12%
Country Kenya
12%
Country Kiribati
12%
Country Kosovo
12%
Country Kuwait
12%
Country Kyrgyzstan
12%
Country Laos
12%
Country Latvia
12%
Country Lebanon
12%
Country Lesotho
12%
Country Libya
12%
Country Liechtenstein
12%
Country Lithuania
12%
Country Luxembourg
12%
Country Madagascar
12%
Country Malawi
12%
Country Maldives
12%
Country Mali
12%
Country Malta
12%
Country Marshall Islands
12%
Country Mauritania
12%
Country Mauritius
12%
Country Mexico
12%
Country Moldova
12%
Country Monaco
12%
Country Mongolia
12%
Country Montenegro
12%
Country Morocco
12%
Country Mozambique
12%
Country Myanmar
12%
Country Namibia
12%
Country Nauru
12%
Country Nepal
12%
Country Netherlands
12%
Country New Zealand
12%
Country Nicaragua
12%
Country Niger
12%
Country Nigeria
12%
Country North Korea
12%
Country North Macedonia
12%
Country Norway
12%
Country Oman
12%
Country Pakistan
12%
Country Palau
12%
Country Panama
12%
Country Papua-New Guinea
12%
Country Paraguay
12%
Country Peru
12%
Country Philippines
12%
Country Portugal
12%
Country Qatar
12%
Country Republic of the Congo
12%
Country Romania
12%
Country Rwanda
12%
Country Saint Kitts and Nevis
12%
Country Saint Lucia
12%
Country Saint Vincent and the Grenadines
12%
Country Samoa
12%
Country San Marino
12%
Country Sao Tome and Principe
12%
Country Saudi Arabia
12%
Country Senegal
12%
Country Serbia
12%
Country Seychelles
12%
Country Sierra Leone
12%
Country Singapore
12%
Country Slovakia
12%
Country Solomon Islands
12%
Country Somalia
12%
Country South Africa
12%
Country South Korea
12%
Country South Sudan
12%
Country Spain
12%
Country Sri Lanka
12%
Country Sudan
12%
Country Suriname
12%
Country Sweden
12%
Country Switzerland
12%
Country Syria
12%
Country Taiwan
12%
Country Tajikistan
12%
Country Tanzania
12%
Country Thailand
12%
Country Togo
12%
Country Tonga
12%
Country Trinidad and Tobago
12%
Country Tunisia
12%
Country Turkey
12%
Country Turkmenistan
12%
Country Tuvalu
12%
Country Uganda
12%
Country Ukraine
12%
Country United Arab Emirates
12%
Country Uruguay
12%
Country Uzbekistan
12%
Country Vanuatu
12%
Country Vatican City
12%
Country Venezuela
12%
Country Vietnam
12%
Country Yemen
12%
Country Zambia
12%
Country Zimbabwe
12%
Country | Country Afghanistan
11%
Country Albania
11%
Country Algeria
11%
Country Andorra
11%
Country Angola
11%
Country Antigua and Barbuda
11%
Country Argentina
11%
Country Armenia
11%
Country Austria
11%
Country Azerbaijan
11%
Country Bahamas
11%
Country Bahrain
11%
Country Bangladesh
11%
Country Barbados
11%
Country Belarus
11%
Country Belgium
11%
Country Belize
11%
Country Benin
11%
Country Bhutan
11%
Country Bolivia
11%
Country Bosnia and Herzegovina
11%
Country Botswana
11%
Country Brunei
11%
Country Bulgaria
11%
Country Burkina Faso
11%
Country Burundi
11%
Country Cambodia
11%
Country Cameroon
11%
Country Canada
11%
Country Cape Verde
11%
Country Central African Republic
11%
Country Chad
11%
Country Chile
11%
Country Colombia
11%
Country Comoros
11%
Country Costa Rica
11%
Country Croatia
11%
Country Cuba
11%
Country Cyprus
11%
Country Czech Republic
11%
Country Democratic Republic of the Congo
11%
Country Denmark
11%
Country Djibouti
11%
Country Dominica
11%
Country Dominican Republic
11%
Country East Timor
11%
Country Ecuador
11%
Country Egypt
11%
Country El Salvador
11%
Country Equatorial Guinea
11%
Country Eritrea
11%
Country Estonia
11%
Country Eswatini
11%
Country Ethiopia
11%
Country Federated States of Micronesia
11%
Country Fiji
11%
Country Finland
11%
Country France
11%
Country Gabon
11%
Country Gambia
11%
Country Georgia
11%
Country Germany
11%
Country Ghana
11%
Country Greece
11%
Country Grenada
11%
Country Guatemala
11%
Country Guinea
11%
Country Guinea-Bissau
11%
Country Guyana
11%
Country Haiti
11%
Country Honduras
11%
Country Hungary
11%
Country Iceland
11%
Country Indonesia
11%
Country Iran
11%
Country Iraq
11%
Country Ireland
11%
Country Israel
11%
Country Italy
11%
Country Ivory Coast
11%
Country Jamaica
11%
Country Japan
11%
Country Jordan
11%
Country Kazakhstan
11%
Country Kenya
11%
Country Kiribati
11%
Country Kosovo
11%
Country Kuwait
11%
Country Kyrgyzstan
11%
Country Laos
11%
Country Latvia
11%
Country Lebanon
11%
Country Lesotho
11%
Country Liberia
11%
Country Libya
11%
Country Liechtenstein
11%
Country Lithuania
11%
Country Luxembourg
11%
Country Madagascar
11%
Country Malawi
11%
Country Malaysia
11%
Country Maldives
11%
Country Mali
11%
Country Malta
11%
Country Marshall Islands
11%
Country Mauritania
11%
Country Mauritius
11%
Country Mexico
11%
Country Moldova
11%
Country Monaco
11%
Country Mongolia
11%
Country Montenegro
11%
Country Morocco
11%
Country Mozambique
11%
Country Myanmar
11%
Country Namibia
11%
Country Nauru
11%
Country Nepal
11%
Country Netherlands
11%
Country New Zealand
11%
Country Nicaragua
11%
Country Niger
11%
Country Nigeria
11%
Country North Korea
11%
Country North Macedonia
11%
Country Norway
11%
Country Oman
11%
Country Pakistan
11%
Country Palau
11%
Country Panama
11%
Country Papua-New Guinea
11%
Country Paraguay
11%
Country Peru
11%
Country Philippines
11%
Country Poland
11%
Country Portugal
11%
Country Qatar
11%
Country Republic of the Congo
11%
Country Romania
11%
Country Rwanda
11%
Country Saint Kitts and Nevis
11%
Country Saint Lucia
11%
Country Saint Vincent and the Grenadines
11%
Country Samoa
11%
Country San Marino
11%
Country Sao Tome and Principe
11%
Country Saudi Arabia
11%
Country Senegal
11%
Country Serbia
11%
Country Seychelles
11%
Country Sierra Leone
11%
Country Singapore
11%
Country Slovakia
11%
Country Slovenia
11%
Country Solomon Islands
11%
Country Somalia
11%
Country South Africa
11%
Country South Korea
11%
Country South Sudan
11%
Country Spain
11%
Country Sri Lanka
11%
Country Sudan
11%
Country Suriname
11%
Country Sweden
11%
Country Switzerland
11%
Country Syria
11%
Country Taiwan
11%
Country Tajikistan
11%
Country Tanzania
11%
Country Thailand
11%
Country Togo
11%
Country Tonga
11%
Country Trinidad and Tobago
11%
Country Tunisia
11%
Country Turkey
11%
Country Turkmenistan
11%
Country Tuvalu
11%
Country Uganda
11%
Country Ukraine
11%
Country United Arab Emirates
11%
Country United Kingdom
11%
Country Uruguay
11%
Country Uzbekistan
11%
Country Vanuatu
11%
Country Vatican City
11%
Country Venezuela
11%
Country Vietnam
11%
Country Yemen
11%
Country Zambia
11%
Country Zimbabwe
11%
Country Angola
10%
Country Argentina
10%
Country Australia
10%
Country Austria
10%
Country Barbados
10%
Country Belarus
10%
Country Belgium
10%
Country Bhutan
10%
Country Bolivia
10%
Country Bosnia and Herzegovina
10%
Country Botswana
10%
Country Bulgaria
10%
Country Cambodia
10%
Country Cameroon
10%
Country Central African Republic
10%
Country Chile
10%
Country Costa Rica
10%
Country Democratic Republic of the Congo
10%
Country Denmark
10%
Country Dominica
10%
Country Ecuador
10%
Country El Salvador
10%
Country Equatorial Guinea
10%
Country Eswatini
10%
Country Ethiopia
10%
Country Fiji
10%
Country Finland
10%
Country Guyana
10%
Country Haiti
10%
Country Honduras
10%
Country Hungary
10%
Country Iceland
10%
Country Iraq
10%
Country Ireland
10%
Country Italy
10%
Country Ivory Coast
10%
Country Jamaica
10%
Country Japan
10%
Country Jordan
10%
Country Kazakhstan
10%
Country Kenya
10%
Country Kuwait
10%
Country Latvia
10%
Country Lesotho
10%
Country Liberia
10%
Country Libya
10%
Country Madagascar
10%
Country Malaysia
10%
Country Mauritius
10%
Country Monaco
10%
Country Mongolia
10%
Country Morocco
10%
Country Namibia
10%
Country Nauru
10%
Country New Zealand
10%
Country North Korea
10%
Country Norway
10%
Country Oman
10%
Country Pakistan
10%
Country Panama
10%
Country Papua-New Guinea
10%
Country Peru
10%
Country Poland
10%
Country Portugal
10%
Country Republic of the Congo
10%
Country Sao Tome and Principe
10%
Country Saudi Arabia
10%
Country Serbia
10%
Country Seychelles
10%
Country Slovakia
10%
Country Slovenia
10%
Country Somalia
10%
Country South Sudan
10%
Country Spain
10%
Country Sri Lanka
10%
Country Suriname
10%
Country Switzerland
10%
Country Tajikistan
10%
Country Tanzania
10%
Country Tunisia
10%
Country Turkey
10%
Country Uganda
10%
Country Uruguay
10%
Country Venezuela
10%
Country Vietnam
10%
Country Yemen
10%
Country Zambia
10%
Country | Country | Country | Country Afghanistan
9%
Country Albania
9%
Country Algeria
9%
Country Andorra
9%
Country Angola
9%
Country Antigua and Barbuda
9%
Country Argentina
9%
Country Armenia
9%
Country Austria
9%
Country Azerbaijan
9%
Country Bahamas
9%
Country Bahrain
9%
Country Bangladesh
9%
Country Barbados
9%
Country Belarus
9%
Country Belgium
9%
Country Benin
9%
Country Bhutan
9%
Country Bolivia
9%
Country Bosnia and Herzegovina
9%
Country Botswana
9%
Country Brunei
9%
Country Bulgaria
9%
Country Burkina Faso
9%
Country Burundi
9%
Country Cambodia
9%
Country Cameroon
9%
Country Canada
9%
Country Cape Verde
9%
Country Central African Republic
9%
Country Chad
9%
Country Chile
9%
Country Colombia
9%
Country Comoros
9%
Country Costa Rica
9%
Country Croatia
9%
Country Cuba
9%
Country Cyprus
9%
Country Czech Republic
9%
Country Democratic Republic of the Congo
9%
Country Denmark
9%
Country Djibouti
9%
Country Dominica
9%
Country Dominican Republic
9%
Country East Timor
9%
Country Ecuador
9%
Country Egypt
9%
Country El Salvador
9%
Country Equatorial Guinea
9%
Country Eritrea
9%
Country Estonia
9%
Country Eswatini
9%
Country Ethiopia
9%
Country Federated States of Micronesia
9%
Country Fiji
9%
Country Finland
9%
Country Gabon
9%
Country Gambia
9%
Country Georgia
9%
Country Ghana
9%
Country Greece
9%
Country Grenada
9%
Country Guatemala
9%
Country Guinea
9%
Country Guinea-Bissau
9%
Country Guyana
9%
Country Haiti
9%
Country Honduras
9%
Country Hungary
9%
Country Iceland
9%
Country India
9%
Country Indonesia
9%
Country Iran
9%
Country Iraq
9%
Country Ireland
9%
Country Israel
9%
Country Italy
9%
Country Ivory Coast
9%
Country Jamaica
9%
Country Japan
9%
Country Jordan
9%
Country Kazakhstan
9%
Country Kenya
9%
Country Kiribati
9%
Country Kosovo
9%
Country Kuwait
9%
Country Kyrgyzstan
9%
Country Laos
9%
Country Latvia
9%
Country Lebanon
9%
Country Lesotho
9%
Country Liberia
9%
Country Libya
9%
Country Liechtenstein
9%
Country Lithuania
9%
Country Luxembourg
9%
Country Madagascar
9%
Country Malawi
9%
Country Malaysia
9%
Country Maldives
9%
Country Malta
9%
Country Marshall Islands
9%
Country Mauritania
9%
Country Mauritius
9%
Country Moldova
9%
Country Monaco
9%
Country Mongolia
9%
Country Montenegro
9%
Country Morocco
9%
Country Mozambique
9%
Country Myanmar
9%
Country Namibia
9%
Country Nauru
9%
Country Nepal
9%
Country Netherlands
9%
Country New Zealand
9%
Country Nicaragua
9%
Country North Korea
9%
Country North Macedonia
9%
Country Oman
9%
Country Pakistan
9%
Country Palau
9%
Country Panama
9%
Country Papua-New Guinea
9%
Country Paraguay
9%
Country Peru
9%
Country Philippines
9%
Country Poland
9%
Country Portugal
9%
Country Qatar
9%
Country Republic of the Congo
9%
Country Romania
9%
Country Rwanda
9%
Country Saint Kitts and Nevis
9%
Country Saint Lucia
9%
Country Saint Vincent and the Grenadines
9%
Country Samoa
9%
Country San Marino
9%
Country Sao Tome and Principe
9%
Country Saudi Arabia
9%
Country Senegal
9%
Country Serbia
9%
Country Seychelles
9%
Country Sierra Leone
9%
Country Singapore
9%
Country Slovakia
9%
Country Slovenia
9%
Country Solomon Islands
9%
Country Somalia
9%
Country South Africa
9%
Country South Korea
9%
Country South Sudan
9%
Country Spain
9%
Country Sri Lanka
9%
Country Sudan
9%
Country Suriname
9%
Country Sweden
9%
Country Switzerland
9%
Country Syria
9%
Country Taiwan
9%
Country Tajikistan
9%
Country Tanzania
9%
Country Thailand
9%
Country Togo
9%
Country Tonga
9%
Country Trinidad and Tobago
9%
Country Tunisia
9%
Country Turkey
9%
Country Turkmenistan
9%
Country Tuvalu
9%
Country Uganda
9%
Country Ukraine
9%
Country United Arab Emirates
9%
Country Uruguay
9%
Country Uzbekistan
9%
Country Vanuatu
9%
Country Vatican City
9%
Country Venezuela
9%
Country Vietnam
9%
Country Yemen
9%
Country Zambia
9%
Country Zimbabwe
9%
Country Afghanistan
8%
Country Algeria
8%
Country Andorra
8%
Country Antigua and Barbuda
8%
Country Armenia
8%
Country Austria
8%
Country Azerbaijan
8%
Country Bahamas
8%
Country Bahrain
8%
Country Bangladesh
8%
Country Barbados
8%
Country Belarus
8%
Country Belgium
8%
Country Belize
8%
Country Benin
8%
Country Bhutan
8%
Country Bolivia
8%
Country Bosnia and Herzegovina
8%
Country Botswana
8%
Country Brunei
8%
Country Bulgaria
8%
Country Burkina Faso
8%
Country Burundi
8%
Country Cambodia
8%
Country Cape Verde
8%
Country Chile
8%
Country Colombia
8%
Country Comoros
8%
Country Costa Rica
8%
Country Croatia
8%
Country Cuba
8%
Country Cyprus
8%
Country Czech Republic
8%
Country Denmark
8%
Country Djibouti
8%
Country Dominica
8%
Country Dominican Republic
8%
Country East Timor
8%
Country Ecuador
8%
Country Egypt
8%
Country El Salvador
8%
Country Equatorial Guinea
8%
Country Eritrea
8%
Country Estonia
8%
Country Eswatini
8%
Country Ethiopia
8%
Country Fiji
8%
Country Finland
8%
Country Gabon
8%
Country Gambia
8%
Country Georgia
8%
Country Ghana
8%
Country Greece
8%
Country Grenada
8%
Country Guatemala
8%
Country Guinea
8%
Country Guinea-Bissau
8%
Country Honduras
8%
Country Hungary
8%
Country Iceland
8%
Country Indonesia
8%
Country Iran
8%
Country Iraq
8%
Country Ireland
8%
Country Israel
8%
Country Ivory Coast
8%
Country Jamaica
8%
Country Jordan
8%
Country Kazakhstan
8%
Country Kenya
8%
Country Kiribati
8%
Country Kosovo
8%
Country Kuwait
8%
Country Laos
8%
Country Latvia
8%
Country Lebanon
8%
Country Lesotho
8%
Country Liberia
8%
Country Liechtenstein
8%
Country Lithuania
8%
Country Luxembourg
8%
Country Madagascar
8%
Country Malawi
8%
Country Maldives
8%
Country Malta
8%
Country Marshall Islands
8%
Country Mauritania
8%
Country Moldova
8%
Country Monaco
8%
Country Morocco
8%
Country Mozambique
8%
Country Myanmar
8%
Country Namibia
8%
Country Nauru
8%
Country New Zealand
8%
Country Nicaragua
8%
Country Niger
8%
Country Nigeria
8%
Country North Korea
8%
Country Norway
8%
Country Oman
8%
Country Pakistan
8%
Country Palau
8%
Country Panama
8%
Country Papua-New Guinea
8%
Country Paraguay
8%
Country Peru
8%
Country Philippines
8%
Country Poland
8%
Country Qatar
8%
Country Saint Kitts and Nevis
8%
Country Saint Lucia
8%
Country Saint Vincent and the Grenadines
8%
Country Samoa
8%
Country San Marino
8%
Country Sao Tome and Principe
8%
Country Saudi Arabia
8%
Country Singapore
8%
Country Slovakia
8%
Country Slovenia
8%
Country Solomon Islands
8%
Country South Korea
8%
Country South Sudan
8%
Country Sri Lanka
8%
Country Suriname
8%
Country Switzerland
8%
Country Syria
8%
Country Taiwan
8%
Country Tajikistan
8%
Country Thailand
8%
Country Togo
8%
Country Tonga
8%
Country Trinidad and Tobago
8%
Country Tunisia
8%
Country Turkmenistan
8%
Country Tuvalu
8%
Country Uganda
8%
Country Ukraine
8%
Country United Arab Emirates
8%
Country Uzbekistan
8%
Country Vanuatu
8%
Country Vatican City
8%
Country Venezuela
8%
Country Yemen
8%
Country Zambia
8%
Country Zimbabwe
8%
Country | Country Afghanistan
7%
Country Albania
7%
Country Algeria
7%
Country Andorra
7%
Country Angola
7%
Country Antigua and Barbuda
7%
Country Argentina
7%
Country Armenia
7%
Country Austria
7%
Country Azerbaijan
7%
Country Bahamas
7%
Country Bahrain
7%
Country Bangladesh
7%
Country Barbados
7%
Country Belarus
7%
Country Belgium
7%
Country Belize
7%
Country Benin
7%
Country Bhutan
7%
Country Bolivia
7%
Country Bosnia and Herzegovina
7%
Country Botswana
7%
Country Brunei
7%
Country Burkina Faso
7%
Country Burundi
7%
Country Cambodia
7%
Country Cameroon
7%
Country Cape Verde
7%
Country Central African Republic
7%
Country Chad
7%
Country Chile
7%
Country Colombia
7%
Country Comoros
7%
Country Costa Rica
7%
Country Croatia
7%
Country Cuba
7%
Country Cyprus
7%
Country Czech Republic
7%
Country Denmark
7%
Country Djibouti
7%
Country Dominica
7%
Country Dominican Republic
7%
Country East Timor
7%
Country Ecuador
7%
Country Egypt
7%
Country El Salvador
7%
Country Equatorial Guinea
7%
Country Eritrea
7%
Country Estonia
7%
Country Eswatini
7%
Country Ethiopia
7%
Country Federated States of Micronesia
7%
Country Fiji
7%
Country Finland
7%
Country Gabon
7%
Country Gambia
7%
Country Georgia
7%
Country Ghana
7%
Country Greece
7%
Country Grenada
7%
Country Guatemala
7%
Country Guinea
7%
Country Guinea-Bissau
7%
Country Guyana
7%
Country Haiti
7%
Country Honduras
7%
Country Hungary
7%
Country Indonesia
7%
Country Iran
7%
Country Iraq
7%
Country Ireland
7%
Country Israel
7%
Country Italy
7%
Country Ivory Coast
7%
Country Jordan
7%
Country Kazakhstan
7%
Country Kenya
7%
Country Kiribati
7%
Country Kosovo
7%
Country Kuwait
7%
Country Kyrgyzstan
7%
Country Latvia
7%
Country Lebanon
7%
Country Lesotho
7%
Country Liberia
7%
Country Libya
7%
Country Liechtenstein
7%
Country Lithuania
7%
Country Luxembourg
7%
Country Madagascar
7%
Country Malawi
7%
Country Malaysia
7%
Country Maldives
7%
Country Malta
7%
Country Marshall Islands
7%
Country Mauritania
7%
Country Mauritius
7%
Country Mexico
7%
Country Moldova
7%
Country Monaco
7%
Country Mongolia
7%
Country Montenegro
7%
Country Morocco
7%
Country Mozambique
7%
Country Myanmar
7%
Country Namibia
7%
Country Nauru
7%
Country Nepal
7%
Country Netherlands
7%
Country New Zealand
7%
Country Nicaragua
7%
Country Niger
7%
Country Nigeria
7%
Country North Korea
7%
Country North Macedonia
7%
Country Norway
7%
Country Oman
7%
Country Pakistan
7%
Country Palau
7%
Country Panama
7%
Country Papua-New Guinea
7%
Country Peru
7%
Country Philippines
7%
Country Poland
7%
Country Portugal
7%
Country Qatar
7%
Country Republic of the Congo
7%
Country Romania
7%
Country Rwanda
7%
Country Saint Kitts and Nevis
7%
Country Saint Lucia
7%
Country Saint Vincent and the Grenadines
7%
Country Samoa
7%
Country San Marino
7%
Country Sao Tome and Principe
7%
Country Saudi Arabia
7%
Country Senegal
7%
Country Serbia
7%
Country Seychelles
7%
Country Sierra Leone
7%
Country Singapore
7%
Country Slovakia
7%
Country Slovenia
7%
Country Solomon Islands
7%
Country Somalia
7%
Country South Korea
7%
Country South Sudan
7%
Country Spain
7%
Country Sri Lanka
7%
Country Sudan
7%
Country Suriname
7%
Country Switzerland
7%
Country Syria
7%
Country Taiwan
7%
Country Tajikistan
7%
Country Tanzania
7%
Country Thailand
7%
Country Togo
7%
Country Tonga
7%
Country Trinidad and Tobago
7%
Country Tunisia
7%
Country Turkey
7%
Country Turkmenistan
7%
Country Tuvalu
7%
Country Uganda
7%
Country Ukraine
7%
Country United Arab Emirates
7%
Country United Kingdom
7%
Country Uruguay
7%
Country Uzbekistan
7%
Country Vanuatu
7%
Country Vatican City
7%
Country Venezuela
7%
Country Vietnam
7%
Country Yemen
7%
Country Zambia
7%
Country Zimbabwe
7%
Country | Country | Country | +2 others Afghanistan
6%
Country Albania
6%
Country Algeria
6%
Country Andorra
6%
Country Angola
6%
Country Antigua and Barbuda
6%
Country Argentina
6%
Country Armenia
6%
Country Austria
6%
Country Azerbaijan
6%
Country Bahamas
6%
Country Bahrain
6%
Country Bangladesh
6%
Country Barbados
6%
Country Belarus
6%
Country Belgium
6%
Country Belize
6%
Country Benin
6%
Country Bhutan
6%
Country Bolivia
6%
Country Bosnia and Herzegovina
6%
Country Botswana
6%
Country Brunei
6%
Country Bulgaria
6%
Country Burkina Faso
6%
Country Burundi
6%
Country Cambodia
6%
Country Cameroon
6%
Country Canada
6%
Country Cape Verde
6%
Country Central African Republic
6%
Country Chad
6%
Country Chile
6%
Country Colombia
6%
Country Comoros
6%
Country Costa Rica
6%
Country Croatia
6%
Country Cuba
6%
Country Cyprus
6%
Country Czech Republic
6%
Country Democratic Republic of the Congo
6%
Country Denmark
6%
Country Djibouti
6%
Country Dominica
6%
Country Dominican Republic
6%
Country East Timor
6%
Country Ecuador
6%
Country Egypt
6%
Country El Salvador
6%
Country Equatorial Guinea
6%
Country Eritrea
6%
Country Estonia
6%
Country Eswatini
6%
Country Ethiopia
6%
Country Federated States of Micronesia
6%
Country Fiji
6%
Country Finland
6%
Country Gabon
6%
Country Gambia
6%
Country Georgia
6%
Country Ghana
6%
Country Greece
6%
Country Grenada
6%
Country Guatemala
6%
Country Guinea
6%
Country Guinea-Bissau
6%
Country Guyana
6%
Country Haiti
6%
Country Honduras
6%
Country Hungary
6%
Country Iceland
6%
Country Indonesia
6%
Country Iran
6%
Country Iraq
6%
Country Ireland
6%
Country Israel
6%
Country Ivory Coast
6%
Country Jamaica
6%
Country Japan
6%
Country Jordan
6%
Country Kazakhstan
6%
Country Kenya
6%
Country Kiribati
6%
Country Kosovo
6%
Country Kuwait
6%
Country Kyrgyzstan
6%
Country Laos
6%
Country Latvia
6%
Country Lebanon
6%
Country Lesotho
6%
Country Liberia
6%
Country Libya
6%
Country Liechtenstein
6%
Country Lithuania
6%
Country Luxembourg
6%
Country Madagascar
6%
Country Malawi
6%
Country Malaysia
6%
Country Maldives
6%
Country Mali
6%
Country Malta
6%
Country Marshall Islands
6%
Country Mauritania
6%
Country Mauritius
6%
Country Mexico
6%
Country Moldova
6%
Country Monaco
6%
Country Mongolia
6%
Country Montenegro
6%
Country Morocco
6%
Country Mozambique
6%
Country Myanmar
6%
Country Namibia
6%
Country Nauru
6%
Country Nepal
6%
Country Netherlands
6%
Country New Zealand
6%
Country Nicaragua
6%
Country Niger
6%
Country Nigeria
6%
Country North Korea
6%
Country North Macedonia
6%
Country Norway
6%
Country Oman
6%
Country Pakistan
6%
Country Palau
6%
Country Panama
6%
Country Papua-New Guinea
6%
Country Paraguay
6%
Country Peru
6%
Country Philippines
6%
Country Poland
6%
Country Portugal
6%
Country Qatar
6%
Country Republic of the Congo
6%
Country Romania
6%
Country Rwanda
6%
Country Saint Kitts and Nevis
6%
Country Saint Lucia
6%
Country Saint Vincent and the Grenadines
6%
Country Samoa
6%
Country San Marino
6%
Country Sao Tome and Principe
6%
Country Saudi Arabia
6%
Country Senegal
6%
Country Serbia
6%
Country Seychelles
6%
Country Sierra Leone
6%
Country Singapore
6%
Country Slovakia
6%
Country Slovenia
6%
Country Solomon Islands
6%
Country Somalia
6%
Country South Africa
6%
Country South Korea
6%
Country South Sudan
6%
Country Spain
6%
Country Sri Lanka
6%
Country Sudan
6%
Country Suriname
6%
Country Sweden
6%
Country Switzerland
6%
Country Syria
6%
Country Taiwan
6%
Country Tajikistan
6%
Country Tanzania
6%
Country Thailand
6%
Country Togo
6%
Country Tonga
6%
Country Trinidad and Tobago
6%
Country Tunisia
6%
Country Turkey
6%
Country Turkmenistan
6%
Country Tuvalu
6%
Country Uganda
6%
Country Ukraine
6%
Country United Arab Emirates
6%
Country Uruguay
6%
Country Uzbekistan
6%
Country Vanuatu
6%
Country Vatican City
6%
Country Venezuela
6%
Country Vietnam
6%
Country Yemen
6%
Country Zambia
6%
Country Zimbabwe
6%
Country | Country | Country | Country Afghanistan
5%
Country Albania
5%
Country Algeria
5%
Country Andorra
5%
Country Angola
5%
Country Antigua and Barbuda
5%
Country Argentina
5%
Country Armenia
5%
Country Austria
5%
Country Azerbaijan
5%
Country Bahamas
5%
Country Bahrain
5%
Country Bangladesh
5%
Country Barbados
5%
Country Belarus
5%
Country Belgium
5%
Country Belize
5%
Country Benin
5%
Country Bhutan
5%
Country Bolivia
5%
Country Bosnia and Herzegovina
5%
Country Botswana
5%
Country Brunei
5%
Country Bulgaria
5%
Country Burkina Faso
5%
Country Burundi
5%
Country Cambodia
5%
Country Cameroon
5%
Country Cape Verde
5%
Country Central African Republic
5%
Country Chad
5%
Country Chile
5%
Country Colombia
5%
Country Comoros
5%
Country Costa Rica
5%
Country Croatia
5%
Country Cuba
5%
Country Cyprus
5%
Country Czech Republic
5%
Country Denmark
5%
Country Djibouti
5%
Country Dominica
5%
Country Dominican Republic
5%
Country East Timor
5%
Country Ecuador
5%
Country El Salvador
5%
Country Equatorial Guinea
5%
Country Eritrea
5%
Country Estonia
5%
Country Eswatini
5%
Country Ethiopia
5%
Country Federated States of Micronesia
5%
Country Fiji
5%
Country Finland
5%
Country Gabon
5%
Country Gambia
5%
Country Georgia
5%
Country Ghana
5%
Country Greece
5%
Country Grenada
5%
Country Guatemala
5%
Country Guinea
5%
Country Guinea-Bissau
5%
Country Guyana
5%
Country Haiti
5%
Country Honduras
5%
Country Hungary
5%
Country Iceland
5%
Country Indonesia
5%
Country Iran
5%
Country Iraq
5%
Country Israel
5%
Country Ivory Coast
5%
Country Jamaica
5%
Country Jordan
5%
Country Kazakhstan
5%
Country Kenya
5%
Country Kiribati
5%
Country Kosovo
5%
Country Kuwait
5%
Country Kyrgyzstan
5%
Country Laos
5%
Country Latvia
5%
Country Lebanon
5%
Country Lesotho
5%
Country Liberia
5%
Country Liechtenstein
5%
Country Lithuania
5%
Country Luxembourg
5%
Country Madagascar
5%
Country Malawi
5%
Country Malaysia
5%
Country Maldives
5%
Country Mali
5%
Country Malta
5%
Country Marshall Islands
5%
Country Mauritania
5%
Country Mauritius
5%
Country Moldova
5%
Country Monaco
5%
Country Mongolia
5%
Country Montenegro
5%
Country Morocco
5%
Country Mozambique
5%
Country Myanmar
5%
Country Nauru
5%
Country Nepal
5%
Country Netherlands
5%
Country New Zealand
5%
Country Nicaragua
5%
Country Niger
5%
Country Nigeria
5%
Country North Korea
5%
Country North Macedonia
5%
Country Norway
5%
Country Oman
5%
Country Pakistan
5%
Country Palau
5%
Country Panama
5%
Country Papua-New Guinea
5%
Country Paraguay
5%
Country Peru
5%
Country Philippines
5%
Country Qatar
5%
Country Romania
5%
Country Rwanda
5%
Country Saint Kitts and Nevis
5%
Country Saint Lucia
5%
Country Saint Vincent and the Grenadines
5%
Country Samoa
5%
Country San Marino
5%
Country Sao Tome and Principe
5%
Country Senegal
5%
Country Serbia
5%
Country Sierra Leone
5%
Country Singapore
5%
Country Slovakia
5%
Country Slovenia
5%
Country Solomon Islands
5%
Country Somalia
5%
Country South Korea
5%
Country South Sudan
5%
Country Sri Lanka
5%
Country Suriname
5%
Country Sweden
5%
Country Switzerland
5%
Country Syria
5%
Country Taiwan
5%
Country Tajikistan
5%
Country Tanzania
5%
Country Thailand
5%
Country Togo
5%
Country Tonga
5%
Country Trinidad and Tobago
5%
Country Tunisia
5%
Country Turkey
5%
Country Turkmenistan
5%
Country Tuvalu
5%
Country Uganda
5%
Country Ukraine
5%
Country United Arab Emirates
5%
Country Uzbekistan
5%
Country Vanuatu
5%
Country Vatican City
5%
Country Venezuela
5%
Country Vietnam
5%
Country Yemen
5%
Country Zambia
5%
Country Zimbabwe
5%
Country Afghanistan
4%
Country Albania
4%
Country Angola
4%
Country Antigua and Barbuda
4%
Country Argentina
4%
Country Austria
4%
Country Azerbaijan
4%
Country Bahamas
4%
Country Bahrain
4%
Country Bangladesh
4%
Country Barbados
4%
Country Belize
4%
Country Bosnia and Herzegovina
4%
Country Botswana
4%
Country Burkina Faso
4%
Country Burundi
4%
Country Cameroon
4%
Country Cape Verde
4%
Country Central African Republic
4%
Country Croatia
4%
Country Cyprus
4%
Country Czech Republic
4%
Country Djibouti
4%
Country East Timor
4%
Country El Salvador
4%
Country Eritrea
4%
Country Estonia
4%
Country Eswatini
4%
Country Federated States of Micronesia
4%
Country Fiji
4%
Country Gabon
4%
Country Gambia
4%
Country Georgia
4%
Country Grenada
4%
Country Guinea-Bissau
4%
Country Guyana
4%
Country Honduras
4%
Country Hungary
4%
Country Iraq
4%
Country Israel
4%
Country Ivory Coast
4%
Country Jordan
4%
Country Kazakhstan
4%
Country Kiribati
4%
Country Kosovo
4%
Country Kuwait
4%
Country Kyrgyzstan
4%
Country Latvia
4%
Country Lesotho
4%
Country Liberia
4%
Country Liechtenstein
4%
Country Lithuania
4%
Country Malawi
4%
Country Malaysia
4%
Country Maldives
4%
Country Malta
4%
Country Marshall Islands
4%
Country Mauritania
4%
Country Monaco
4%
Country Montenegro
4%
Country Myanmar
4%
Country Namibia
4%
Country Nepal
4%
Country North Macedonia
4%
Country Oman
4%
Country Panama
4%
Country Portugal
4%
Country Qatar
4%
Country Rwanda
4%
Country Saint Kitts and Nevis
4%
Country Saint Lucia
4%
Country Saint Vincent and the Grenadines
4%
Country Samoa
4%
Country San Marino
4%
Country Sao Tome and Principe
4%
Country Senegal
4%
Country Sierra Leone
4%
Country Solomon Islands
4%
Country Somalia
4%
Country South Korea
4%
Country South Sudan
4%
Country Sri Lanka
4%
Country Switzerland
4%
Country Syria
4%
Country Tajikistan
4%
Country Tanzania
4%
Country Tonga
4%
Country Trinidad and Tobago
4%
Country Tunisia
4%
Country Turkey
4%
Country Turkmenistan
4%
Country Tuvalu
4%
Country United Arab Emirates
4%
Country Uruguay
4%
Country Uzbekistan
4%
Country Vanuatu
4%
Country Vatican City
4%
Country Yemen
4%
Country Zimbabwe
4%
Country | Country | Country | +5 others Afghanistan
0%
Country Albania
0%
Country Algeria
0%
Country Andorra
0%
Country Angola
0%
Country Antigua and Barbuda
0%
Country Argentina
0%
Country Armenia
0%
Country Austria
0%
Country Azerbaijan
0%
Country Bahamas
0%
Country Bahrain
0%
Country Bangladesh
0%
Country Barbados
0%
Country Belarus
0%
Country Belgium
0%
Country Belize
0%
Country Benin
0%
Country Bhutan
0%
Country Bolivia
0%
Country Bosnia and Herzegovina
0%
Country Botswana
0%
Country Brunei
0%
Country Bulgaria
0%
Country Burkina Faso
0%
Country Burundi
0%
Country Cambodia
0%
Country Cameroon
0%
Country Canada
0%
Country Cape Verde
0%
Country Central African Republic
0%
Country Chad
0%
Country Chile
0%
Country Colombia
0%
Country Comoros
0%
Country Costa Rica
0%
Country Croatia
0%
Country Cuba
0%
Country Cyprus
0%
Country Czech Republic
0%
Country Democratic Republic of the Congo
0%
Country Denmark
0%
Country Djibouti
0%
Country Dominica
0%
Country Dominican Republic
0%
Country East Timor
0%
Country Ecuador
0%
Country Egypt
0%
Country El Salvador
0%
Country Equatorial Guinea
0%
Country Eritrea
0%
Country Estonia
0%
Country Eswatini
0%
Country Ethiopia
0%
Country Federated States of Micronesia
0%
Country Fiji
0%
Country Finland
0%
Country Gabon
0%
Country Gambia
0%
Country Georgia
0%
Country Germany
0%
Country Ghana
0%
Country Greece
0%
Country Grenada
0%
Country Guatemala
0%
Country Guinea
0%
Country Guinea-Bissau
0%
Country Guyana
0%
Country Haiti
0%
Country Honduras
0%
Country Hungary
0%
Country Iceland
0%
Country Indonesia
0%
Country Iran
0%
Country Iraq
0%
Country Ireland
0%
Country Israel
0%
Country Italy
0%
Country Ivory Coast
0%
Country Jamaica
0%
Country Japan
0%
Country Jordan
0%
Country Kazakhstan
0%
Country Kenya
0%
Country Kiribati
0%
Country Kosovo
0%
Country Kuwait
0%
Country Kyrgyzstan
0%
Country Laos
0%
Country Latvia
0%
Country Lebanon
0%
Country Lesotho
0%
Country Liberia
0%
Country Libya
0%
Country Liechtenstein
0%
Country Lithuania
0%
Country Luxembourg
0%
Country Madagascar
0%
Country Malawi
0%
Country Malaysia
0%
Country Maldives
0%
Country Mali
0%
Country Malta
0%
Country Marshall Islands
0%
Country Mauritania
0%
Country Mauritius
0%
Country Mexico
0%
Country Moldova
0%
Country Monaco
0%
Country Mongolia
0%
Country Montenegro
0%
Country Morocco
0%
Country Mozambique
0%
Country Myanmar
0%
Country Namibia
0%
Country Nauru
0%
Country Nepal
0%
Country Netherlands
0%
Country New Zealand
0%
Country Nicaragua
0%
Country Niger
0%
Country Nigeria
0%
Country North Korea
0%
Country North Macedonia
0%
Country Norway
0%
Country Oman
0%
Country Pakistan
0%
Country Palau
0%
Country Panama
0%
Country Papua-New Guinea
0%
Country Paraguay
0%
Country Peru
0%
Country Philippines
0%
Country Poland
0%
Country Portugal
0%
Country Qatar
0%
Country Republic of the Congo
0%
Country Romania
0%
Country Rwanda
0%
Country Saint Kitts and Nevis
0%
Country Saint Lucia
0%
Country Saint Vincent and the Grenadines
0%
Country Samoa
0%
Country San Marino
0%
Country Sao Tome and Principe
0%
Country Saudi Arabia
0%
Country Senegal
0%
Country Serbia
0%
Country Seychelles
0%
Country Sierra Leone
0%
Country Singapore
0%
Country Slovakia
0%
Country Slovenia
0%
Country Solomon Islands
0%
Country Somalia
0%
Country South Korea
0%
Country South Sudan
0%
Country Spain
0%
Country Sri Lanka
0%
Country Sudan
0%
Country Suriname
0%
Country Sweden
0%
Country Switzerland
0%
Country Syria
0%
Country Taiwan
0%
Country Tajikistan
0%
Country Tanzania
0%
Country Thailand
0%
Country Togo
0%
Country Tonga
0%
Country Trinidad and Tobago
0%
Country Tunisia
0%
Country Turkey
0%
Country Turkmenistan
0%
Country Tuvalu
0%
Country Uganda
0%
Country Ukraine
0%
Country United Arab Emirates
0%
Country Uruguay
0%
Country Uzbekistan
0%
Country Vanuatu
0%
Country Vatican City
0%
Country Venezuela
0%
Country Vietnam
0%
Country Yemen
0%
Country Zambia
0%
Country Zimbabwe
0%
No matching quizzes found
Score Distribution
Percent of People with Each Score
Percentile by Number Answered
Your Score History
You have not taken this quiz